<?xml version="1.0" encoding="UTF-8"?>
<collection xmlns="http://www.loc.gov/MARC21/slim">
 <record>
  <leader>30532nas a22029771  4500</leader>
  <controlfield tag="001">1/50250</controlfield>
  <controlfield tag="008">020410c19309999nyuenzp       00  a0eng d</controlfield>
  <datafield tag="022" ind1=" " ind2=" ">
   <subfield code="a">0015-8259</subfield>
  </datafield>
  <datafield tag="035" ind1=" " ind2=" ">
   <subfield code="l">23453</subfield>
  </datafield>
  <datafield tag="040" ind1=" " ind2=" ">
   <subfield code="a">DLC</subfield>
   <subfield code="b">GR-PeUP</subfield>
  </datafield>
  <datafield tag="090" ind1=" " ind2=" ">
   <subfield code="a">Αλφαβητική σειρά</subfield>
  </datafield>
  <datafield tag="245" ind1="0" ind2="0">
   <subfield code="a">Fortune</subfield>
  </datafield>
  <datafield tag="260" ind1=" " ind2=" ">
   <subfield code="a">[New York, NY :</subfield>
   <subfield code="b">Time,</subfield>
   <subfield code="c">1930-]</subfield>
  </datafield>
  <datafield tag="300" ind1=" " ind2=" ">
   <subfield code="a">v. :</subfield>
   <subfield code="b">ill ;</subfield>
   <subfield code="c">33-37 cm.</subfield>
  </datafield>
  <datafield tag="310" ind1=" " ind2=" ">
   <subfield code="a">Biweekly</subfield>
  </datafield>
  <datafield tag="362" ind1="0" ind2=" ">
   <subfield code="a">Vol.146, no.1(Jan. 2002)-v.146, no.(2002)</subfield>
  </datafield>
  <datafield tag="362" ind1="0" ind2=" ">
   <subfield code="a">Vol.147, no.1(20 Jan. 2003)-v.152, no.8(Oct. 2005)</subfield>
  </datafield>
  <datafield tag="362" ind1="0" ind2=" ">
   <subfield code="a">Vol.152, no.9(14 Nov. 2005)-</subfield>
  </datafield>
  <datafield tag="583" ind1=" " ind2=" ">
   <subfield code="a">Για Vol.146, no.1(Jan. 2002)-v.146, no.(2002) προμηθευτής GLORY. Για Vol.147, no.1(20 Jan. 2003)-v.152, no.8(Oct. 2005) προμηθευτής ANACO. Για Vol.152, no.9(14 Nov. 2005)- προμηθευτής ΧΑΡΤΣΙΑΣ.</subfield>
  </datafield>
  <datafield tag="546" ind1=" " ind2=" ">
   <subfield code="a">English</subfield>
  </datafield>
  <datafield tag="650" ind1=" " ind2="4">
   <subfield code="a">Business</subfield>
   <subfield code="v">Periodicals.</subfield>
  </datafield>
  <datafield tag="852" ind1=" " ind2=" ">
   <subfield code="a">INST</subfield>
   <subfield code="b">UNIPILB</subfield>
   <subfield code="c">SERIALS</subfield>
   <subfield code="e">20050125</subfield>
   <subfield code="h">Αλφαβητική σειρά</subfield>
   <subfield code="p">39314</subfield>
   <subfield code="q">39314</subfield>
   <subfield code="t">NOLOAN</subfield>
   <subfield code="v">vol.147;no.1:(Μήνας)January;(Ημέρα)20;(Έτος)2003</subfield>
   <subfield code="y">23</subfield>
  </datafield>
  <datafield tag="852" ind1=" " ind2=" ">
   <subfield code="a">INST</subfield>
   <subfield code="b">UNIPILB</subfield>
   <subfield code="c">SERIALS</subfield>
   <subfield code="e">20050125</subfield>
   <subfield code="h">Αλφαβητική σειρά</subfield>
   <subfield code="p">39315</subfield>
   <subfield code="q">39315</subfield>
   <subfield code="t">NOLOAN</subfield>
   <subfield code="v">vol.147;no.2:(Μήνας)February;(Ημέρα)3;(Έτος)2003</subfield>
   <subfield code="y">23</subfield>
  </datafield>
  <datafield tag="852" ind1=" " ind2=" ">
   <subfield code="a">INST</subfield>
   <subfield code="b">UNIPILB</subfield>
   <subfield code="c">SERIALS</subfield>
   <subfield code="e">20050125</subfield>
   <subfield code="h">Αλφαβητική σειρά</subfield>
   <subfield code="p">39316</subfield>
   <subfield code="q">39316</subfield>
   <subfield code="t">NOLOAN</subfield>
   <subfield code="v">vol.147;no.3:(Μήνας)February;(Ημέρα)17;(Έτος)2003</subfield>
   <subfield code="y">23</subfield>
  </datafield>
  <datafield tag="852" ind1=" " ind2=" ">
   <subfield code="a">INST</subfield>
   <subfield code="b">UNIPILB</subfield>
   <subfield code="c">SERIALS</subfield>
   <subfield code="e">20050125</subfield>
   <subfield code="h">Αλφαβητική σειρά</subfield>
   <subfield code="p">39317</subfield>
   <subfield code="q">39317</subfield>
   <subfield code="t">NOLOAN</subfield>
   <subfield code="v">vol.147;no.4:(Μήνας)March;(Ημέρα)3;(Έτος)2003</subfield>
   <subfield code="y">23</subfield>
  </datafield>
  <datafield tag="852" ind1=" " ind2=" ">
   <subfield code="a">INST</subfield>
   <subfield code="b">UNIPILB</subfield>
   <subfield code="c">SERIALS</subfield>
   <subfield code="e">20050125</subfield>
   <subfield code="h">Αλφαβητική σειρά</subfield>
   <subfield code="p">39318</subfield>
   <subfield code="q">39318</subfield>
   <subfield code="t">NOLOAN</subfield>
   <subfield code="v">vol.147;no.5:(Μήνας)March;(Ημέρα)17;(Έτος)2003</subfield>
   <subfield code="y">23</subfield>
  </datafield>
  <datafield tag="852" ind1=" " ind2=" ">
   <subfield code="a">INST</subfield>
   <subfield code="b">UNIPILB</subfield>
   <subfield code="c">SERIALS</subfield>
   <subfield code="e">20050125</subfield>
   <subfield code="h">Αλφαβητική σειρά</subfield>
   <subfield code="p">39319</subfield>
   <subfield code="q">39319</subfield>
   <subfield code="t">NOLOAN</subfield>
   <subfield code="v">vol.147;no.6:(Μήνας)March;(Ημέρα)31;(Έτος)2003</subfield>
   <subfield code="y">23</subfield>
  </datafield>
  <datafield tag="852" ind1=" " ind2=" ">
   <subfield code="a">INST</subfield>
   <subfield code="b">UNIPILB</subfield>
   <subfield code="c">SERIALS</subfield>
   <subfield code="e">20050125</subfield>
   <subfield code="h">Αλφαβητική σειρά</subfield>
   <subfield code="p">39320</subfield>
   <subfield code="q">39320</subfield>
   <subfield code="t">NOLOAN</subfield>
   <subfield code="v">vol.147;no.7:(Μήνας)April;(Ημέρα)14;(Έτος)2003</subfield>
   <subfield code="y">23</subfield>
  </datafield>
  <datafield tag="852" ind1=" " ind2=" ">
   <subfield code="a">INST</subfield>
   <subfield code="b">UNIPILB</subfield>
   <subfield code="c">SERIALS</subfield>
   <subfield code="e">20050125</subfield>
   <subfield code="h">Αλφαβητική σειρά</subfield>
   <subfield code="p">39321</subfield>
   <subfield code="q">39321</subfield>
   <subfield code="t">NOLOAN</subfield>
   <subfield code="v">vol.147;no.8:(Μήνας)April;(Ημέρα)28;(Έτος)2003</subfield>
   <subfield code="y">23</subfield>
  </datafield>
  <datafield tag="852" ind1=" " ind2=" ">
   <subfield code="a">INST</subfield>
   <subfield code="b">UNIPILB</subfield>
   <subfield code="c">SERIALS</subfield>
   <subfield code="e">20050125</subfield>
   <subfield code="h">Αλφαβητική σειρά</subfield>
   <subfield code="p">39322</subfield>
   <subfield code="q">39322</subfield>
   <subfield code="t">NOLOAN</subfield>
   <subfield code="v">vol.147;no.11:(Μήνας)June;(Ημέρα)9;(Έτος)2003</subfield>
   <subfield code="y">23</subfield>
  </datafield>
  <datafield tag="852" ind1=" " ind2=" ">
   <subfield code="a">INST</subfield>
   <subfield code="b">UNIPILB</subfield>
   <subfield code="c">SERIALS</subfield>
   <subfield code="e">20050125</subfield>
   <subfield code="h">Αλφαβητική σειρά</subfield>
   <subfield code="p">39323</subfield>
   <subfield code="q">39323</subfield>
   <subfield code="t">NOLOAN</subfield>
   <subfield code="v">vol.147;no.12:(Μήνας)June;(Ημέρα)23;(Έτος)2003</subfield>
   <subfield code="y">23</subfield>
  </datafield>
  <datafield tag="852" ind1=" " ind2=" ">
   <subfield code="a">INST</subfield>
   <subfield code="b">UNIPILB</subfield>
   <subfield code="c">SERIALS</subfield>
   <subfield code="e">20050125</subfield>
   <subfield code="h">Αλφαβητική σειρά</subfield>
   <subfield code="p">39324</subfield>
   <subfield code="q">39324</subfield>
   <subfield code="t">NOLOAN</subfield>
   <subfield code="v">vol.148;no.1:(Μήνας)July;(Ημέρα)7;(Έτος)2003</subfield>
   <subfield code="y">23</subfield>
  </datafield>
  <datafield tag="852" ind1=" " ind2=" ">
   <subfield code="a">INST</subfield>
   <subfield code="b">UNIPILB</subfield>
   <subfield code="c">SERIALS</subfield>
   <subfield code="e">20050125</subfield>
   <subfield code="h">Αλφαβητική σειρά</subfield>
   <subfield code="p">39325</subfield>
   <subfield code="q">39325</subfield>
   <subfield code="t">NOLOAN</subfield>
   <subfield code="v">vol.148;no.2:(Μήνας)July;(Ημέρα)21;(Έτος)2003</subfield>
   <subfield code="y">23</subfield>
  </datafield>
  <datafield tag="852" ind1=" " ind2=" ">
   <subfield code="a">INST</subfield>
   <subfield code="b">UNIPILB</subfield>
   <subfield code="c">SERIALS</subfield>
   <subfield code="e">20050125</subfield>
   <subfield code="h">Αλφαβητική σειρά</subfield>
   <subfield code="p">39326</subfield>
   <subfield code="q">39326</subfield>
   <subfield code="t">NOLOAN</subfield>
   <subfield code="v">vol.148;no.3:(Μήνας)August;(Ημέρα)20;(Έτος)2003</subfield>
   <subfield code="y">23</subfield>
  </datafield>
  <datafield tag="852" ind1=" " ind2=" ">
   <subfield code="a">INST</subfield>
   <subfield code="b">UNIPILB</subfield>
   <subfield code="c">SERIALS</subfield>
   <subfield code="e">20050125</subfield>
   <subfield code="h">Αλφαβητική σειρά</subfield>
   <subfield code="p">39327</subfield>
   <subfield code="q">39327</subfield>
   <subfield code="t">NOLOAN</subfield>
   <subfield code="v">vol.148;no.4:(Μήνας)September;(Ημέρα)1;(Έτος)2003</subfield>
   <subfield code="y">23</subfield>
  </datafield>
  <datafield tag="852" ind1=" " ind2=" ">
   <subfield code="a">INST</subfield>
   <subfield code="b">UNIPILB</subfield>
   <subfield code="c">SERIALS</subfield>
   <subfield code="e">20050125</subfield>
   <subfield code="h">Αλφαβητική σειρά</subfield>
   <subfield code="p">39328</subfield>
   <subfield code="q">39328</subfield>
   <subfield code="t">NOLOAN</subfield>
   <subfield code="v">vol.148;no.5:(Μήνας)September;(Ημέρα)15;(Έτος)2003</subfield>
   <subfield code="y">23</subfield>
  </datafield>
  <datafield tag="852" ind1=" " ind2=" ">
   <subfield code="a">INST</subfield>
   <subfield code="b">UNIPILB</subfield>
   <subfield code="c">SERIALS</subfield>
   <subfield code="e">20050125</subfield>
   <subfield code="h">Αλφαβητική σειρά</subfield>
   <subfield code="p">39329</subfield>
   <subfield code="q">39329</subfield>
   <subfield code="t">NOLOAN</subfield>
   <subfield code="v">vol.148;no.6:(Μήνας)September;(Ημέρα)29;(Έτος)2003</subfield>
   <subfield code="y">23</subfield>
  </datafield>
  <datafield tag="852" ind1=" " ind2=" ">
   <subfield code="a">INST</subfield>
   <subfield code="b">UNIPILB</subfield>
   <subfield code="c">SERIALS</subfield>
   <subfield code="e">20050125</subfield>
   <subfield code="h">Αλφαβητική σειρά</subfield>
   <subfield code="p">39330</subfield>
   <subfield code="q">39330</subfield>
   <subfield code="t">NOLOAN</subfield>
   <subfield code="v">vol.148;no.7:(Μήνας)October;(Ημέρα)13;(Έτος)2003</subfield>
   <subfield code="y">23</subfield>
  </datafield>
  <datafield tag="852" ind1=" " ind2=" ">
   <subfield code="a">INST</subfield>
   <subfield code="b">UNIPILB</subfield>
   <subfield code="c">SERIALS</subfield>
   <subfield code="e">20050125</subfield>
   <subfield code="h">Αλφαβητική σειρά</subfield>
   <subfield code="p">39331</subfield>
   <subfield code="q">39331</subfield>
   <subfield code="t">NOLOAN</subfield>
   <subfield code="v">vol.148;no.8:(Μήνας)October;(Ημέρα)27;(Έτος)2003</subfield>
   <subfield code="y">23</subfield>
  </datafield>
  <datafield tag="852" ind1=" " ind2=" ">
   <subfield code="a">INST</subfield>
   <subfield code="b">UNIPILB</subfield>
   <subfield code="c">SERIALS</subfield>
   <subfield code="e">20050203</subfield>
   <subfield code="h">Αλφαβητική σειρά</subfield>
   <subfield code="p">39581</subfield>
   <subfield code="q">39581</subfield>
   <subfield code="t">NOLOAN</subfield>
   <subfield code="v">vol.150;no.6:(Μήνας)October;(Ημέρα)4;(Έτος)2004</subfield>
   <subfield code="y">23</subfield>
  </datafield>
  <datafield tag="852" ind1=" " ind2=" ">
   <subfield code="a">INST</subfield>
   <subfield code="b">UNIPILB</subfield>
   <subfield code="c">SERIALS</subfield>
   <subfield code="e">20050203</subfield>
   <subfield code="h">Αλφαβητική σειρά</subfield>
   <subfield code="p">39582</subfield>
   <subfield code="q">39582</subfield>
   <subfield code="t">NOLOAN</subfield>
   <subfield code="v">vol.150;no.7:(Μήνας)October;(Ημέρα)18;(Έτος)2004</subfield>
   <subfield code="y">23</subfield>
  </datafield>
  <datafield tag="852" ind1=" " ind2=" ">
   <subfield code="a">INST</subfield>
   <subfield code="b">UNIPILB</subfield>
   <subfield code="c">SERIALS</subfield>
   <subfield code="e">20050203</subfield>
   <subfield code="h">Αλφαβητική σειρά</subfield>
   <subfield code="p">39594</subfield>
   <subfield code="q">39594</subfield>
   <subfield code="t">NOLOAN</subfield>
   <subfield code="v">vol.150;no.8:(Μήνας)November;(Ημέρα)1;(Έτος)2004</subfield>
   <subfield code="y">23</subfield>
  </datafield>
  <datafield tag="852" ind1=" " ind2=" ">
   <subfield code="a">INST</subfield>
   <subfield code="b">UNIPILB</subfield>
   <subfield code="c">SERIALS</subfield>
   <subfield code="e">20050203</subfield>
   <subfield code="h">Αλφαβητική σειρά</subfield>
   <subfield code="p">39595</subfield>
   <subfield code="q">39595</subfield>
   <subfield code="t">NOLOAN</subfield>
   <subfield code="v">vol.150;no.9:(Μήνας)November;(Ημέρα)15;(Έτος)2004</subfield>
   <subfield code="y">23</subfield>
  </datafield>
  <datafield tag="852" ind1=" " ind2=" ">
   <subfield code="a">INST</subfield>
   <subfield code="b">UNIPILB</subfield>
   <subfield code="c">SERIALS</subfield>
   <subfield code="e">20050203</subfield>
   <subfield code="h">Αλφαβητική σειρά</subfield>
   <subfield code="p">39596</subfield>
   <subfield code="q">39596</subfield>
   <subfield code="t">NOLOAN</subfield>
   <subfield code="v">vol.150;no.10:(Μήνας)November;(Ημέρα)29;(Έτος)2004</subfield>
   <subfield code="y">23</subfield>
  </datafield>
  <datafield tag="852" ind1=" " ind2=" ">
   <subfield code="a">INST</subfield>
   <subfield code="b">UNIPILB</subfield>
   <subfield code="c">SERIALS</subfield>
   <subfield code="e">20050203</subfield>
   <subfield code="h">Αλφαβητική σειρά</subfield>
   <subfield code="p">39612</subfield>
   <subfield code="q">39612</subfield>
   <subfield code="t">NOLOAN</subfield>
   <subfield code="v">vol.150;no.11:(Μήνας)December;(Ημέρα)13;(Έτος)2004</subfield>
   <subfield code="y">23</subfield>
  </datafield>
  <datafield tag="852" ind1=" " ind2=" ">
   <subfield code="a">INST</subfield>
   <subfield code="b">UNIPILB</subfield>
   <subfield code="c">SERIALS</subfield>
   <subfield code="e">20050203</subfield>
   <subfield code="h">Αλφαβητική σειρά</subfield>
   <subfield code="p">39613</subfield>
   <subfield code="q">39613</subfield>
   <subfield code="t">NOLOAN</subfield>
   <subfield code="v">vol.150;no.12:(Μήνας)December;(Ημέρα)27;(Έτος)2004</subfield>
   <subfield code="y">23</subfield>
  </datafield>
  <datafield tag="852" ind1=" " ind2=" ">
   <subfield code="a">INST</subfield>
   <subfield code="b">UNIPILB</subfield>
   <subfield code="c">SERIALS</subfield>
   <subfield code="e">20050204</subfield>
   <subfield code="h">Αλφαβητική σειρά</subfield>
   <subfield code="p">39664</subfield>
   <subfield code="q">39664</subfield>
   <subfield code="t">NOLOAN</subfield>
   <subfield code="v">vol.151;no.1:(Μήνας)January;(Ημέρα)24;(Έτος)2005</subfield>
   <subfield code="y">23</subfield>
  </datafield>
  <datafield tag="852" ind1=" " ind2=" ">
   <subfield code="a">INST</subfield>
   <subfield code="b">UNIPILB</subfield>
   <subfield code="c">SERIALS</subfield>
   <subfield code="e">20050204</subfield>
   <subfield code="h">Αλφαβητική σειρά</subfield>
   <subfield code="p">39692</subfield>
   <subfield code="q">39692</subfield>
   <subfield code="t">NOLOAN</subfield>
   <subfield code="v">vol.149;no.7:(Μήνας)May;(Ημέρα)10;(Έτος)2004</subfield>
   <subfield code="y">23</subfield>
  </datafield>
  <datafield tag="852" ind1=" " ind2=" ">
   <subfield code="a">INST</subfield>
   <subfield code="b">UNIPILB</subfield>
   <subfield code="c">SERIALS</subfield>
   <subfield code="e">20050204</subfield>
   <subfield code="h">Αλφαβητική σειρά</subfield>
   <subfield code="p">39693</subfield>
   <subfield code="q">39693</subfield>
   <subfield code="t">NOLOAN</subfield>
   <subfield code="v">vol.149;no.8:(Μήνας)May;(Ημέρα)24;(Έτος)2004</subfield>
   <subfield code="y">23</subfield>
  </datafield>
  <datafield tag="852" ind1=" " ind2=" ">
   <subfield code="a">INST</subfield>
   <subfield code="b">UNIPILB</subfield>
   <subfield code="c">SERIALS</subfield>
   <subfield code="e">20050204</subfield>
   <subfield code="h">Αλφαβητική σειρά</subfield>
   <subfield code="p">39694</subfield>
   <subfield code="q">39694</subfield>
   <subfield code="t">NOLOAN</subfield>
   <subfield code="v">vol.149;no.9:(Μήνας)June;(Ημέρα)7;(Έτος)2004</subfield>
   <subfield code="y">23</subfield>
  </datafield>
  <datafield tag="852" ind1=" " ind2=" ">
   <subfield code="a">INST</subfield>
   <subfield code="b">UNIPILB</subfield>
   <subfield code="c">SERIALS</subfield>
   <subfield code="e">20050204</subfield>
   <subfield code="h">Αλφαβητική σειρά</subfield>
   <subfield code="p">39695</subfield>
   <subfield code="q">39695</subfield>
   <subfield code="t">NOLOAN</subfield>
   <subfield code="v">vol.149;no.11:(Μήνας)June;(Ημέρα)28;(Έτος)2004</subfield>
   <subfield code="y">23</subfield>
  </datafield>
  <datafield tag="852" ind1=" " ind2=" ">
   <subfield code="a">INST</subfield>
   <subfield code="b">UNIPILB</subfield>
   <subfield code="c">SERIALS</subfield>
   <subfield code="e">20050204</subfield>
   <subfield code="h">Αλφαβητική σειρά</subfield>
   <subfield code="p">39696</subfield>
   <subfield code="q">39696</subfield>
   <subfield code="t">NOLOAN</subfield>
   <subfield code="v">vol.150;no.1:(Μήνας)July;(Ημέρα)12;(Έτος)2004</subfield>
   <subfield code="y">23</subfield>
  </datafield>
  <datafield tag="852" ind1=" " ind2=" ">
   <subfield code="a">INST</subfield>
   <subfield code="b">UNIPILB</subfield>
   <subfield code="c">SERIALS</subfield>
   <subfield code="e">20050204</subfield>
   <subfield code="h">Αλφαβητική σειρά</subfield>
   <subfield code="p">39697</subfield>
   <subfield code="q">39697</subfield>
   <subfield code="t">NOLOAN</subfield>
   <subfield code="v">vol.150;no.2:(Μήνας)July;(Ημέρα)26;(Έτος)2004</subfield>
   <subfield code="y">23</subfield>
  </datafield>
  <datafield tag="852" ind1=" " ind2=" ">
   <subfield code="a">INST</subfield>
   <subfield code="b">UNIPILB</subfield>
   <subfield code="c">SERIALS</subfield>
   <subfield code="e">20050204</subfield>
   <subfield code="h">Αλφαβητική σειρά</subfield>
   <subfield code="p">39698</subfield>
   <subfield code="q">39698</subfield>
   <subfield code="t">NOLOAN</subfield>
   <subfield code="v">vol.150;no.3:(Μήνας)August;(Ημέρα)9;(Έτος)2004</subfield>
   <subfield code="y">23</subfield>
  </datafield>
  <datafield tag="852" ind1=" " ind2=" ">
   <subfield code="a">INST</subfield>
   <subfield code="b">UNIPILB</subfield>
   <subfield code="c">SERIALS</subfield>
   <subfield code="e">20050204</subfield>
   <subfield code="h">Αλφαβητική σειρά</subfield>
   <subfield code="p">39699</subfield>
   <subfield code="q">39699</subfield>
   <subfield code="t">NOLOAN</subfield>
   <subfield code="v">vol.150;no.4:(Μήνας)September;(Ημέρα)6;(Έτος)2004</subfield>
   <subfield code="y">23</subfield>
  </datafield>
  <datafield tag="852" ind1=" " ind2=" ">
   <subfield code="a">INST</subfield>
   <subfield code="b">UNIPILB</subfield>
   <subfield code="c">SERIALS</subfield>
   <subfield code="e">20050301</subfield>
   <subfield code="h">Αλφαβητική σειρά</subfield>
   <subfield code="p">40724</subfield>
   <subfield code="q">40724</subfield>
   <subfield code="t">NOLOAN</subfield>
   <subfield code="v">vol.151;no.2:(Μήνας)February;(Ημέρα)7;(Έτος)2005</subfield>
   <subfield code="y">23</subfield>
  </datafield>
  <datafield tag="852" ind1=" " ind2=" ">
   <subfield code="a">INST</subfield>
   <subfield code="b">UNIPILB</subfield>
   <subfield code="c">SERIALS</subfield>
   <subfield code="e">20050404</subfield>
   <subfield code="h">Αλφαβητική σειρά</subfield>
   <subfield code="p">41932</subfield>
   <subfield code="q">41932</subfield>
   <subfield code="t">NOLOAN</subfield>
   <subfield code="v">vol.151;no.3:(Μήνας)February;(Ημέρα)21;(Έτος)2005</subfield>
   <subfield code="y">23</subfield>
  </datafield>
  <datafield tag="852" ind1=" " ind2=" ">
   <subfield code="a">INST</subfield>
   <subfield code="b">UNIPILB</subfield>
   <subfield code="c">SERIALS</subfield>
   <subfield code="e">20050404</subfield>
   <subfield code="h">Αλφαβητική σειρά</subfield>
   <subfield code="p">41939</subfield>
   <subfield code="q">41939</subfield>
   <subfield code="t">NOLOAN</subfield>
   <subfield code="v">vol.151;no.4:(Μήνας)March;(Ημέρα)7;(Έτος)2005</subfield>
   <subfield code="y">23</subfield>
  </datafield>
  <datafield tag="852" ind1=" " ind2=" ">
   <subfield code="a">INST</subfield>
   <subfield code="b">UNIPILB</subfield>
   <subfield code="c">SERIALS</subfield>
   <subfield code="e">20050418</subfield>
   <subfield code="h">Αλφαβητική σειρά</subfield>
   <subfield code="p">42564</subfield>
   <subfield code="q">42564</subfield>
   <subfield code="t">NOLOAN</subfield>
   <subfield code="v">vol.151;no.6:(Μήνας)April;(Ημέρα)4;(Έτος)2005</subfield>
   <subfield code="y">23</subfield>
  </datafield>
  <datafield tag="852" ind1=" " ind2=" ">
   <subfield code="a">INST</subfield>
   <subfield code="b">UNIPILB</subfield>
   <subfield code="c">SERIALS</subfield>
   <subfield code="e">20050516</subfield>
   <subfield code="h">Αλφαβητική σειρά</subfield>
   <subfield code="p">43091</subfield>
   <subfield code="q">43091</subfield>
   <subfield code="t">NOLOAN</subfield>
   <subfield code="v">vol.151;no.5:(Μήνας)March;(Ημέρα)21;(Έτος)2005</subfield>
   <subfield code="y">23</subfield>
  </datafield>
  <datafield tag="852" ind1=" " ind2=" ">
   <subfield code="a">INST</subfield>
   <subfield code="b">UNIPILB</subfield>
   <subfield code="c">SERIALS</subfield>
   <subfield code="e">20050516</subfield>
   <subfield code="h">Αλφαβητική σειρά</subfield>
   <subfield code="p">43092</subfield>
   <subfield code="q">43092</subfield>
   <subfield code="t">NOLOAN</subfield>
   <subfield code="v">vol.151;no.7:(Μήνας)April;(Ημέρα)18;(Έτος)2005</subfield>
   <subfield code="y">23</subfield>
  </datafield>
  <datafield tag="852" ind1=" " ind2=" ">
   <subfield code="a">INST</subfield>
   <subfield code="b">UNIPILB</subfield>
   <subfield code="c">SERIALS</subfield>
   <subfield code="e">20050707</subfield>
   <subfield code="h">Αλφαβητική σειρά</subfield>
   <subfield code="p">44547</subfield>
   <subfield code="q">44547</subfield>
   <subfield code="t">NOLOAN</subfield>
   <subfield code="v">vol.151;no.8:(Μήνας)May;(Ημέρα)2;(Έτος)2005</subfield>
   <subfield code="y">23</subfield>
  </datafield>
  <datafield tag="852" ind1=" " ind2=" ">
   <subfield code="a">INST</subfield>
   <subfield code="b">UNIPILB</subfield>
   <subfield code="c">SERIALS</subfield>
   <subfield code="e">20050707</subfield>
   <subfield code="h">Αλφαβητική σειρά</subfield>
   <subfield code="p">44548</subfield>
   <subfield code="q">44548</subfield>
   <subfield code="t">NOLOAN</subfield>
   <subfield code="v">vol.151;no.9:(Μήνας)May;(Ημέρα)30;(Έτος)2005</subfield>
   <subfield code="y">23</subfield>
  </datafield>
  <datafield tag="852" ind1=" " ind2=" ">
   <subfield code="a">INST</subfield>
   <subfield code="b">UNIPILB</subfield>
   <subfield code="c">SERIALS</subfield>
   <subfield code="e">20050707</subfield>
   <subfield code="h">Αλφαβητική σειρά</subfield>
   <subfield code="p">44549</subfield>
   <subfield code="q">44549</subfield>
   <subfield code="t">NOLOAN</subfield>
   <subfield code="v">vol.151;no.10:(Μήνας)June;(Ημέρα)13;(Έτος)2005</subfield>
   <subfield code="y">23</subfield>
  </datafield>
  <datafield tag="852" ind1=" " ind2=" ">
   <subfield code="a">INST</subfield>
   <subfield code="b">UNIPILB</subfield>
   <subfield code="c">SERIALS</subfield>
   <subfield code="e">20050707</subfield>
   <subfield code="h">Αλφαβητική σειρά</subfield>
   <subfield code="p">44550</subfield>
   <subfield code="q">44550</subfield>
   <subfield code="t">NOLOAN</subfield>
   <subfield code="v">vol.151;no.11:(Μήνας)June;(Ημέρα)27;(Έτος)2005</subfield>
   <subfield code="y">23</subfield>
  </datafield>
  <datafield tag="852" ind1=" " ind2=" ">
   <subfield code="a">INST</subfield>
   <subfield code="b">UNIPILB</subfield>
   <subfield code="c">SERIALS</subfield>
   <subfield code="e">20050914</subfield>
   <subfield code="h">Αλφαβητική σειρά</subfield>
   <subfield code="p">46658</subfield>
   <subfield code="q">46658</subfield>
   <subfield code="t">NOLOAN</subfield>
   <subfield code="v">vol.152;no.1:(Μήνας)July;(Ημέρα)11;(Έτος)2005</subfield>
   <subfield code="y">23</subfield>
  </datafield>
  <datafield tag="852" ind1=" " ind2=" ">
   <subfield code="a">INST</subfield>
   <subfield code="b">UNIPILB</subfield>
   <subfield code="c">SERIALS</subfield>
   <subfield code="e">20050914</subfield>
   <subfield code="h">Αλφαβητική σειρά</subfield>
   <subfield code="p">46659</subfield>
   <subfield code="q">46659</subfield>
   <subfield code="t">NOLOAN</subfield>
   <subfield code="v">vol.152;no.2:(Μήνας)July;(Ημέρα)25;(Έτος)2005</subfield>
   <subfield code="y">23</subfield>
  </datafield>
  <datafield tag="852" ind1=" " ind2=" ">
   <subfield code="a">INST</subfield>
   <subfield code="b">UNIPILB</subfield>
   <subfield code="c">SERIALS</subfield>
   <subfield code="e">20050914</subfield>
   <subfield code="h">Αλφαβητική σειρά</subfield>
   <subfield code="p">46660</subfield>
   <subfield code="q">46660</subfield>
   <subfield code="t">NOLOAN</subfield>
   <subfield code="v">vol.152;no.3:(Μήνας)August;(Ημέρα)24;(Έτος)2005</subfield>
   <subfield code="y">23</subfield>
  </datafield>
  <datafield tag="852" ind1=" " ind2=" ">
   <subfield code="a">INST</subfield>
   <subfield code="b">UNIPILB</subfield>
   <subfield code="c">SERIALS</subfield>
   <subfield code="e">20050914</subfield>
   <subfield code="h">Αλφαβητική σειρά</subfield>
   <subfield code="p">46661</subfield>
   <subfield code="q">46661</subfield>
   <subfield code="t">NOLOAN</subfield>
   <subfield code="v">vol.152;no.4:(Μήνας)September;(Ημέρα)6;(Έτος)2005</subfield>
   <subfield code="y">23</subfield>
  </datafield>
  <datafield tag="852" ind1=" " ind2=" ">
   <subfield code="a">INST</subfield>
   <subfield code="b">UNIPILB</subfield>
   <subfield code="c">SERIALS</subfield>
   <subfield code="e">20051024</subfield>
   <subfield code="h">Αλφαβητική σειρά</subfield>
   <subfield code="p">47909</subfield>
   <subfield code="q">47909</subfield>
   <subfield code="t">NOLOAN</subfield>
   <subfield code="v">vol.152;no.5:(Μήνας)September;(Ημέρα)19;(Έτος)2005</subfield>
   <subfield code="y">23</subfield>
  </datafield>
  <datafield tag="852" ind1=" " ind2=" ">
   <subfield code="a">INST</subfield>
   <subfield code="b">UNIPILB</subfield>
   <subfield code="c">SERIALS</subfield>
   <subfield code="e">20051024</subfield>
   <subfield code="h">Αλφαβητική σειρά</subfield>
   <subfield code="p">47910</subfield>
   <subfield code="q">47910</subfield>
   <subfield code="t">NOLOAN</subfield>
   <subfield code="v">vol.152;no.6:(Μήνας)October;(Ημέρα)3;(Έτος)2005</subfield>
   <subfield code="y">23</subfield>
  </datafield>
  <datafield tag="852" ind1=" " ind2=" ">
   <subfield code="a">INST</subfield>
   <subfield code="b">UNIPILB</subfield>
   <subfield code="c">SERIALS</subfield>
   <subfield code="e">20051024</subfield>
   <subfield code="h">Αλφαβητική σειρά</subfield>
   <subfield code="p">47911</subfield>
   <subfield code="q">47911</subfield>
   <subfield code="t">NOLOAN</subfield>
   <subfield code="v">vol.152;no.7:(Μήνας)October;(Ημέρα)17;(Έτος)2005</subfield>
   <subfield code="y">23</subfield>
  </datafield>
  <datafield tag="852" ind1=" " ind2=" ">
   <subfield code="a">INST</subfield>
   <subfield code="b">UNIPILB</subfield>
   <subfield code="c">SERIALS</subfield>
   <subfield code="e">20051104</subfield>
   <subfield code="h">Αλφαβητική σειρά</subfield>
   <subfield code="p">48104</subfield>
   <subfield code="q">48104</subfield>
   <subfield code="t">NOLOAN</subfield>
   <subfield code="v">vol.152;no.8:(Μήνας)October;(Ημέρα)31;(Έτος)2005</subfield>
   <subfield code="y">23</subfield>
  </datafield>
  <datafield tag="852" ind1=" " ind2=" ">
   <subfield code="a">INST</subfield>
   <subfield code="b">UNIPILB</subfield>
   <subfield code="c">SERIALS</subfield>
   <subfield code="e">20051129</subfield>
   <subfield code="h">Αλφαβητική σειρά</subfield>
   <subfield code="p">48810</subfield>
   <subfield code="q">48810</subfield>
   <subfield code="t">NOLOAN</subfield>
   <subfield code="v">vol.152;no.9:(Μήνας)November;(Ημέρα)14;(Έτος)2005</subfield>
   <subfield code="y">23</subfield>
  </datafield>
  <datafield tag="852" ind1=" " ind2=" ">
   <subfield code="a">INST</subfield>
   <subfield code="b">UNIPILB</subfield>
   <subfield code="c">SERIALS</subfield>
   <subfield code="e">20051216</subfield>
   <subfield code="h">Αλφαβητική σειρά</subfield>
   <subfield code="p">49135</subfield>
   <subfield code="q">49135</subfield>
   <subfield code="t">NOLOAN</subfield>
   <subfield code="v">vol.152;no.10:(Μήνας)November;(Ημέρα)28;(Έτος)2005</subfield>
   <subfield code="y">23</subfield>
  </datafield>
  <datafield tag="852" ind1=" " ind2=" ">
   <subfield code="a">INST</subfield>
   <subfield code="b">UNIPILB</subfield>
   <subfield code="c">SERIALS</subfield>
   <subfield code="e">20051216</subfield>
   <subfield code="h">Αλφαβητική σειρά</subfield>
   <subfield code="p">49207</subfield>
   <subfield code="q">49207</subfield>
   <subfield code="t">NOLOAN</subfield>
   <subfield code="v">vol.152;no.11:(Μήνας)December;(Ημέρα)12;(Έτος)2005</subfield>
   <subfield code="y">23</subfield>
  </datafield>
  <datafield tag="852" ind1=" " ind2=" ">
   <subfield code="a">INST</subfield>
   <subfield code="b">UNIPILB</subfield>
   <subfield code="c">SERIALS</subfield>
   <subfield code="e">20060209</subfield>
   <subfield code="h">Αλφαβητική σειρά</subfield>
   <subfield code="p">50153</subfield>
   <subfield code="q">50153</subfield>
   <subfield code="t">NOLOAN</subfield>
   <subfield code="v">vol.152;no.12:(Μήνας)December;(Ημέρα)26;(Έτος)2005</subfield>
   <subfield code="y">23</subfield>
  </datafield>
  <datafield tag="852" ind1=" " ind2=" ">
   <subfield code="a">INST</subfield>
   <subfield code="b">UNIPILB</subfield>
   <subfield code="c">SERIALS</subfield>
   <subfield code="e">20060209</subfield>
   <subfield code="h">Αλφαβητική σειρά</subfield>
   <subfield code="p">50154</subfield>
   <subfield code="q">50154</subfield>
   <subfield code="t">NOLOAN</subfield>
   <subfield code="v">vol.153;no.1:(Μήνας)January;(Ημέρα)23;(Έτος)2006</subfield>
   <subfield code="y">23</subfield>
  </datafield>
  <datafield tag="852" ind1=" " ind2=" ">
   <subfield code="a">INST</subfield>
   <subfield code="b">UNIPILB</subfield>
   <subfield code="c">SERIALS</subfield>
   <subfield code="e">20060301</subfield>
   <subfield code="h">Αλφαβητική σειρά</subfield>
   <subfield code="p">50659</subfield>
   <subfield code="q">50659</subfield>
   <subfield code="t">NOLOAN</subfield>
   <subfield code="v">vol.153;no.2:(Μήνας)February;(Ημέρα)6;(Έτος)2006</subfield>
   <subfield code="y">23</subfield>
  </datafield>
  <datafield tag="852" ind1=" " ind2=" ">
   <subfield code="a">INST</subfield>
   <subfield code="b">UNIPILB</subfield>
   <subfield code="c">SERIALS</subfield>
   <subfield code="e">20060301</subfield>
   <subfield code="h">Αλφαβητική σειρά</subfield>
   <subfield code="p">50660</subfield>
   <subfield code="q">50660</subfield>
   <subfield code="t">NOLOAN</subfield>
   <subfield code="v">vol.153;no.3:(Μήνας)February;(Ημέρα)20;(Έτος)2006</subfield>
   <subfield code="y">23</subfield>
  </datafield>
  <datafield tag="852" ind1=" " ind2=" ">
   <subfield code="a">INST</subfield>
   <subfield code="b">UNIPILB</subfield>
   <subfield code="c">SERIALS</subfield>
   <subfield code="e">20060405</subfield>
   <subfield code="h">Αλφαβητική σειρά</subfield>
   <subfield code="p">51136</subfield>
   <subfield code="q">51136</subfield>
   <subfield code="t">NOLOAN</subfield>
   <subfield code="v">vol.153;no.5:(Μήνας)March;(Ημέρα)20;(Έτος)2006</subfield>
   <subfield code="y">23</subfield>
  </datafield>
  <datafield tag="852" ind1=" " ind2=" ">
   <subfield code="a">INST</subfield>
   <subfield code="b">UNIPILB</subfield>
   <subfield code="c">SERIALS</subfield>
   <subfield code="e">20060407</subfield>
   <subfield code="h">Αλφαβητική σειρά</subfield>
   <subfield code="p">51192</subfield>
   <subfield code="q">51192</subfield>
   <subfield code="t">NOLOAN</subfield>
   <subfield code="v">vol.153;no.4:(Μήνας)March;(Ημέρα)6;(Έτος)2006</subfield>
   <subfield code="y">23</subfield>
  </datafield>
  <datafield tag="852" ind1=" " ind2=" ">
   <subfield code="a">INST</subfield>
   <subfield code="b">UNIPILB</subfield>
   <subfield code="c">SERIALS</subfield>
   <subfield code="e">20060706</subfield>
   <subfield code="h">Αλφαβητική σειρά</subfield>
   <subfield code="p">51847</subfield>
   <subfield code="q">51847</subfield>
   <subfield code="t">NOLOAN</subfield>
   <subfield code="v">vol.153;no.8:(Μήνας)May;(Ημέρα)15;(Έτος)2006</subfield>
   <subfield code="y">23</subfield>
  </datafield>
  <datafield tag="852" ind1=" " ind2=" ">
   <subfield code="a">INST</subfield>
   <subfield code="b">UNIPILB</subfield>
   <subfield code="c">SERIALS</subfield>
   <subfield code="e">20060706</subfield>
   <subfield code="h">Αλφαβητική σειρά</subfield>
   <subfield code="p">51848</subfield>
   <subfield code="q">51848</subfield>
   <subfield code="t">NOLOAN</subfield>
   <subfield code="v">vol.153;no.9:(Μήνας)May;(Ημέρα)29;(Έτος)2006</subfield>
   <subfield code="y">23</subfield>
  </datafield>
  <datafield tag="852" ind1=" " ind2=" ">
   <subfield code="a">INST</subfield>
   <subfield code="b">UNIPILB</subfield>
   <subfield code="c">SERIALS</subfield>
   <subfield code="e">20060706</subfield>
   <subfield code="h">Αλφαβητική σειρά</subfield>
   <subfield code="p">51849</subfield>
   <subfield code="q">51849</subfield>
   <subfield code="t">NOLOAN</subfield>
   <subfield code="v">vol.153;no.10:(Μήνας)June;(Ημέρα)12;(Έτος)2006</subfield>
   <subfield code="y">23</subfield>
  </datafield>
  <datafield tag="852" ind1=" " ind2=" ">
   <subfield code="a">INST</subfield>
   <subfield code="b">UNIPILB</subfield>
   <subfield code="c">SERIALS</subfield>
   <subfield code="e">20060706</subfield>
   <subfield code="h">Αλφαβητική σειρά</subfield>
   <subfield code="p">51850</subfield>
   <subfield code="q">51850</subfield>
   <subfield code="t">NOLOAN</subfield>
   <subfield code="v">vol.153;no.11:(Μήνας)June;(Ημέρα)26;(Έτος)2006</subfield>
   <subfield code="y">23</subfield>
  </datafield>
  <datafield tag="852" ind1=" " ind2=" ">
   <subfield code="a">INST</subfield>
   <subfield code="b">UNIPILB</subfield>
   <subfield code="c">SERIALS</subfield>
   <subfield code="e">20060803</subfield>
   <subfield code="h">Αλφαβητική σειρά</subfield>
   <subfield code="p">52247</subfield>
   <subfield code="q">52247</subfield>
   <subfield code="t">NOLOAN</subfield>
   <subfield code="v">vol.154;no.1:(Μήνας)July;(Ημέρα)10;(Έτος)2006</subfield>
   <subfield code="y">23</subfield>
  </datafield>
  <datafield tag="852" ind1=" " ind2=" ">
   <subfield code="a">INST</subfield>
   <subfield code="b">UNIPILB</subfield>
   <subfield code="c">SERIALS</subfield>
   <subfield code="e">20060828</subfield>
   <subfield code="h">Αλφαβητική σειρά</subfield>
   <subfield code="p">52473</subfield>
   <subfield code="q">52473</subfield>
   <subfield code="t">NOLOAN</subfield>
   <subfield code="v">vol.154;no.3:(Μήνας)August;(Ημέρα)7;(Έτος)2006</subfield>
   <subfield code="y">23</subfield>
  </datafield>
  <datafield tag="852" ind1=" " ind2=" ">
   <subfield code="a">INST</subfield>
   <subfield code="b">UNIPILB</subfield>
   <subfield code="c">SERIALS</subfield>
   <subfield code="e">20060828</subfield>
   <subfield code="h">Αλφαβητική σειρά</subfield>
   <subfield code="p">52474</subfield>
   <subfield code="q">52474</subfield>
   <subfield code="t">NOLOAN</subfield>
   <subfield code="v">vol.154;no.2:(Μήνας)July;(Ημέρα)24;(Έτος)2006</subfield>
   <subfield code="y">23</subfield>
  </datafield>
  <datafield tag="852" ind1=" " ind2=" ">
   <subfield code="a">INST</subfield>
   <subfield code="b">UNIPILB</subfield>
   <subfield code="c">SERIALS</subfield>
   <subfield code="e">20060926</subfield>
   <subfield code="h">Αλφαβητική σειρά</subfield>
   <subfield code="p">52880</subfield>
   <subfield code="q">52880</subfield>
   <subfield code="t">NOLOAN</subfield>
   <subfield code="v">vol.153;no.6:(Μήνας)April;(Ημέρα)3;(Έτος)2006</subfield>
   <subfield code="y">23</subfield>
  </datafield>
  <datafield tag="852" ind1=" " ind2=" ">
   <subfield code="a">INST</subfield>
   <subfield code="b">UNIPILB</subfield>
   <subfield code="c">SERIALS</subfield>
   <subfield code="e">20060926</subfield>
   <subfield code="h">Αλφαβητική σειρά</subfield>
   <subfield code="p">52881</subfield>
   <subfield code="q">52881</subfield>
   <subfield code="t">NOLOAN</subfield>
   <subfield code="v">vol.153;no.7:(Μήνας)April;(Ημέρα)17;(Έτος)2006</subfield>
   <subfield code="y">23</subfield>
  </datafield>
  <datafield tag="852" ind1=" " ind2=" ">
   <subfield code="a">INST</subfield>
   <subfield code="b">UNIPILB</subfield>
   <subfield code="c">SERIALS</subfield>
   <subfield code="e">20061003</subfield>
   <subfield code="h">Αλφαβητική σειρά</subfield>
   <subfield code="p">52970</subfield>
   <subfield code="q">52970</subfield>
   <subfield code="t">NOLOAN</subfield>
   <subfield code="v">vol.154;no.4:(Μήνας)September;(Ημέρα)4;(Έτος)2006</subfield>
   <subfield code="y">23</subfield>
  </datafield>
  <datafield tag="852" ind1=" " ind2=" ">
   <subfield code="a">INST</subfield>
   <subfield code="b">UNIPILB</subfield>
   <subfield code="c">SERIALS</subfield>
   <subfield code="e">20061003</subfield>
   <subfield code="h">Αλφαβητική σειρά</subfield>
   <subfield code="p">52971</subfield>
   <subfield code="q">52971</subfield>
   <subfield code="t">NOLOAN</subfield>
   <subfield code="v">vol.154;no.5:(Μήνας)September;(Ημέρα)18;(Έτος)2006</subfield>
   <subfield code="y">23</subfield>
  </datafield>
  <datafield tag="852" ind1=" " ind2=" ">
   <subfield code="a">INST</subfield>
   <subfield code="b">UNIPILB</subfield>
   <subfield code="c">SERIALS</subfield>
   <subfield code="e">20061003</subfield>
   <subfield code="h">Αλφαβητική σειρά</subfield>
   <subfield code="p">52972</subfield>
   <subfield code="q">52972</subfield>
   <subfield code="t">NOLOAN</subfield>
   <subfield code="v">vol.154;no.6:(Μήνας)October;(Ημέρα)2;(Έτος)2006</subfield>
   <subfield code="y">23</subfield>
  </datafield>
  <datafield tag="852" ind1=" " ind2=" ">
   <subfield code="a">INST</subfield>
   <subfield code="b">UNIPILB</subfield>
   <subfield code="c">SERIALS</subfield>
   <subfield code="e">20061123</subfield>
   <subfield code="h">Αλφαβητική σειρά</subfield>
   <subfield code="p">53747</subfield>
   <subfield code="q">53747</subfield>
   <subfield code="t">NOLOAN</subfield>
   <subfield code="v">vol.154;no.9:(Μήνας)November;(Ημέρα)13;(Έτος)2006</subfield>
   <subfield code="y">23</subfield>
  </datafield>
  <datafield tag="852" ind1=" " ind2=" ">
   <subfield code="a">INST</subfield>
   <subfield code="b">UNIPILB</subfield>
   <subfield code="c">SERIALS</subfield>
   <subfield code="e">20061123</subfield>
   <subfield code="h">Αλφαβητική σειρά</subfield>
   <subfield code="p">53748</subfield>
   <subfield code="q">53748</subfield>
   <subfield code="t">NOLOAN</subfield>
   <subfield code="v">vol.154;no.8:(Μήνας)October;(Ημέρα)30;(Έτος)2006</subfield>
   <subfield code="y">23</subfield>
  </datafield>
  <datafield tag="852" ind1=" " ind2=" ">
   <subfield code="a">INST</subfield>
   <subfield code="b">UNIPILB</subfield>
   <subfield code="c">SERIALS</subfield>
   <subfield code="e">20061123</subfield>
   <subfield code="h">Αλφαβητική σειρά</subfield>
   <subfield code="p">53749</subfield>
   <subfield code="q">53749</subfield>
   <subfield code="t">NOLOAN</subfield>
   <subfield code="v">vol.154;no.7:(Μήνας)October;(Ημέρα)16;(Έτος)2006</subfield>
   <subfield code="y">23</subfield>
  </datafield>
  <datafield tag="852" ind1=" " ind2=" ">
   <subfield code="a">INST</subfield>
   <subfield code="b">UNIPILB</subfield>
   <subfield code="c">SERIALS</subfield>
   <subfield code="e">20070116</subfield>
   <subfield code="h">Αλφαβητική σειρά</subfield>
   <subfield code="p">54071</subfield>
   <subfield code="q">54071</subfield>
   <subfield code="t">NOLOAN</subfield>
   <subfield code="v">vol.154;no.10:(Μήνας)November;(Ημέρα)27;(Έτος)2006</subfield>
   <subfield code="y">23</subfield>
  </datafield>
  <datafield tag="852" ind1=" " ind2=" ">
   <subfield code="a">INST</subfield>
   <subfield code="b">UNIPILB</subfield>
   <subfield code="c">SERIALS</subfield>
   <subfield code="e">20070116</subfield>
   <subfield code="h">Αλφαβητική σειρά</subfield>
   <subfield code="p">54072</subfield>
   <subfield code="q">54072</subfield>
   <subfield code="t">NOLOAN</subfield>
   <subfield code="v">vol.154;no.11:(Μήνας)December;(Ημέρα)11;(Έτος)2006</subfield>
   <subfield code="y">23</subfield>
  </datafield>
  <datafield tag="852" ind1=" " ind2=" ">
   <subfield code="a">INST</subfield>
   <subfield code="b">UNIPILB</subfield>
   <subfield code="c">SERIALS</subfield>
   <subfield code="e">20070116</subfield>
   <subfield code="h">Αλφαβητική σειρά</subfield>
   <subfield code="p">54081</subfield>
   <subfield code="q">54081</subfield>
   <subfield code="t">NOLOAN</subfield>
   <subfield code="v">vol.154;no.12:(Μήνας)December;(Ημέρα)25;(Έτος)2006</subfield>
   <subfield code="y">23</subfield>
  </datafield>
  <datafield tag="852" ind1=" " ind2=" ">
   <subfield code="a">INST</subfield>
   <subfield code="b">UNIPILB</subfield>
   <subfield code="c">SERIALS</subfield>
   <subfield code="e">20070917</subfield>
   <subfield code="h">Αλφαβητική σειρά</subfield>
   <subfield code="p">57165</subfield>
   <subfield code="q">57165</subfield>
   <subfield code="t">NOLOAN</subfield>
   <subfield code="v">vol.155;no.1:(Μήνας)January;(Ημέρα)22;(Έτος)2007</subfield>
   <subfield code="y">23</subfield>
  </datafield>
  <datafield tag="852" ind1=" " ind2=" ">
   <subfield code="a">INST</subfield>
   <subfield code="b">UNIPILB</subfield>
   <subfield code="c">SERIALS</subfield>
   <subfield code="e">20070917</subfield>
   <subfield code="h">Αλφαβητική σειρά</subfield>
   <subfield code="p">57166</subfield>
   <subfield code="q">57166</subfield>
   <subfield code="t">NOLOAN</subfield>
   <subfield code="v">vol.155;no.2:(Μήνας)February;(Ημέρα)5;(Έτος)2007</subfield>
   <subfield code="y">23</subfield>
  </datafield>
  <datafield tag="852" ind1=" " ind2=" ">
   <subfield code="a">INST</subfield>
   <subfield code="b">UNIPILB</subfield>
   <subfield code="c">SERIALS</subfield>
   <subfield code="e">20070917</subfield>
   <subfield code="h">Αλφαβητική σειρά</subfield>
   <subfield code="p">57167</subfield>
   <subfield code="q">57167</subfield>
   <subfield code="t">NOLOAN</subfield>
   <subfield code="v">vol.155;no.3:(Μήνας)February;(Ημέρα)19;(Έτος)2007</subfield>
   <subfield code="y">23</subfield>
  </datafield>
  <datafield tag="852" ind1=" " ind2=" ">
   <subfield code="a">INST</subfield>
   <subfield code="b">UNIPILB</subfield>
   <subfield code="c">SERIALS</subfield>
   <subfield code="e">20070917</subfield>
   <subfield code="h">Αλφαβητική σειρά</subfield>
   <subfield code="p">57168</subfield>
   <subfield code="q">57168</subfield>
   <subfield code="t">NOLOAN</subfield>
   <subfield code="v">vol.155;no.4:(Μήνας)March;(Ημέρα)5;(Έτος)2007</subfield>
   <subfield code="y">23</subfield>
  </datafield>
  <datafield tag="852" ind1=" " ind2=" ">
   <subfield code="a">INST</subfield>
   <subfield code="b">UNIPILB</subfield>
   <subfield code="c">SERIALS</subfield>
   <subfield code="e">20070917</subfield>
   <subfield code="h">Αλφαβητική σειρά</subfield>
   <subfield code="p">57169</subfield>
   <subfield code="q">57169</subfield>
   <subfield code="t">NOLOAN</subfield>
   <subfield code="v">vol.155;no.5:(Μήνας)March;(Ημέρα)19;(Έτος)2007</subfield>
   <subfield code="y">23</subfield>
  </datafield>
  <datafield tag="852" ind1=" " ind2=" ">
   <subfield code="a">INST</subfield>
   <subfield code="b">UNIPILB</subfield>
   <subfield code="c">SERIALS</subfield>
   <subfield code="e">20070917</subfield>
   <subfield code="h">Αλφαβητική σειρά</subfield>
   <subfield code="p">57170</subfield>
   <subfield code="q">57170</subfield>
   <subfield code="t">NOLOAN</subfield>
   <subfield code="v">vol.155;no.6:(Μήνας)April;(Ημέρα)2;(Έτος)2007</subfield>
   <subfield code="y">23</subfield>
  </datafield>
  <datafield tag="852" ind1=" " ind2=" ">
   <subfield code="a">INST</subfield>
   <subfield code="b">UNIPILB</subfield>
   <subfield code="c">SERIALS</subfield>
   <subfield code="e">20070917</subfield>
   <subfield code="h">Αλφαβητική σειρά</subfield>
   <subfield code="p">57171</subfield>
   <subfield code="q">57171</subfield>
   <subfield code="t">NOLOAN</subfield>
   <subfield code="v">vol.155;no.7:(Μήνας)April;(Ημέρα)30;(Έτος)2007</subfield>
   <subfield code="y">23</subfield>
  </datafield>
  <datafield tag="852" ind1=" " ind2=" ">
   <subfield code="a">INST</subfield>
   <subfield code="b">UNIPILB</subfield>
   <subfield code="c">SERIALS</subfield>
   <subfield code="e">20070917</subfield>
   <subfield code="h">Αλφαβητική σειρά</subfield>
   <subfield code="p">57172</subfield>
   <subfield code="q">57172</subfield>
   <subfield code="t">NOLOAN</subfield>
   <subfield code="v">vol.155;no.8:(Μήνας)May;(Ημέρα)14;(Έτος)2007</subfield>
   <subfield code="y">23</subfield>
  </datafield>
  <datafield tag="852" ind1=" " ind2=" ">
   <subfield code="a">INST</subfield>
   <subfield code="b">UNIPILB</subfield>
   <subfield code="c">SERIALS</subfield>
   <subfield code="e">20070917</subfield>
   <subfield code="h">Αλφαβητική σειρά</subfield>
   <subfield code="p">57173</subfield>
   <subfield code="q">57173</subfield>
   <subfield code="t">NOLOAN</subfield>
   <subfield code="v">vol.155;no.9:(Μήνας)May;(Ημέρα)28;(Έτος)2007</subfield>
   <subfield code="y">23</subfield>
  </datafield>
  <datafield tag="852" ind1=" " ind2=" ">
   <subfield code="a">INST</subfield>
   <subfield code="b">UNIPILB</subfield>
   <subfield code="c">SERIALS</subfield>
   <subfield code="e">20070917</subfield>
   <subfield code="h">Αλφαβητική σειρά</subfield>
   <subfield code="p">57174</subfield>
   <subfield code="q">57174</subfield>
   <subfield code="t">NOLOAN</subfield>
   <subfield code="v">vol.155;no.10:(Μήνας)June;(Ημέρα)11;(Έτος)2007</subfield>
   <subfield code="y">23</subfield>
  </datafield>
  <datafield tag="852" ind1=" " ind2=" ">
   <subfield code="a">INST</subfield>
   <subfield code="b">UNIPILB</subfield>
   <subfield code="c">SERIALS</subfield>
   <subfield code="e">20070917</subfield>
   <subfield code="h">Αλφαβητική σειρά</subfield>
   <subfield code="p">57175</subfield>
   <subfield code="q">57175</subfield>
   <subfield code="t">NOLOAN</subfield>
   <subfield code="v">vol.155;no.11:(Μήνας)June;(Ημέρα)25;(Έτος)2007</subfield>
   <subfield code="y">23</subfield>
  </datafield>
  <datafield tag="852" ind1=" " ind2=" ">
   <subfield code="a">INST</subfield>
   <subfield code="b">UNIPILB</subfield>
   <subfield code="c">SERIALS</subfield>
   <subfield code="e">20070917</subfield>
   <subfield code="h">Αλφαβητική σειρά</subfield>
   <subfield code="p">57176</subfield>
   <subfield code="q">57176</subfield>
   <subfield code="t">NOLOAN</subfield>
   <subfield code="v">vol.156;no.1:(Μήνας)July;(Ημέρα)9;(Έτος)2007</subfield>
   <subfield code="y">23</subfield>
  </datafield>
  <datafield tag="852" ind1=" " ind2=" ">
   <subfield code="a">INST</subfield>
   <subfield code="b">UNIPILB</subfield>
   <subfield code="c">SERIALS</subfield>
   <subfield code="e">20070917</subfield>
   <subfield code="h">Αλφαβητική σειρά</subfield>
   <subfield code="p">57177</subfield>
   <subfield code="q">57177</subfield>
   <subfield code="t">NOLOAN</subfield>
   <subfield code="v">vol.156;no.2:(Μήνας)July;(Ημέρα)23;(Έτος)2007</subfield>
   <subfield code="y">23</subfield>
  </datafield>
  <datafield tag="852" ind1=" " ind2=" ">
   <subfield code="a">INST</subfield>
   <subfield code="b">UNIPILB</subfield>
   <subfield code="c">SERIALS</subfield>
   <subfield code="e">20070917</subfield>
   <subfield code="h">Αλφαβητική σειρά</subfield>
   <subfield code="p">57178</subfield>
   <subfield code="q">57178</subfield>
   <subfield code="t">NOLOAN</subfield>
   <subfield code="v">vol.156;no.3:(Μήνας)August;(Ημέρα)6;(Έτος)2007</subfield>
   <subfield code="y">23</subfield>
  </datafield>
  <datafield tag="852" ind1=" " ind2=" ">
   <subfield code="a">INST</subfield>
   <subfield code="b">UNIPILB</subfield>
   <subfield code="c">SERIALS</subfield>
   <subfield code="e">20070919</subfield>
   <subfield code="h">Αλφαβητική σειρά</subfield>
   <subfield code="p">57346</subfield>
   <subfield code="q">57346</subfield>
   <subfield code="t">NOLOAN</subfield>
   <subfield code="v">vol.156;no.5:(Μήνας)September;(Ημέρα)17;(Έτος)2007</subfield>
   <subfield code="y">23</subfield>
  </datafield>
  <datafield tag="852" ind1=" " ind2=" ">
   <subfield code="a">INST</subfield>
   <subfield code="b">UNIPILB</subfield>
   <subfield code="c">SERIALS</subfield>
   <subfield code="e">20070919</subfield>
   <subfield code="h">Αλφαβητική σειρά</subfield>
   <subfield code="p">57347</subfield>
   <subfield code="q">57347</subfield>
   <subfield code="t">NOLOAN</subfield>
   <subfield code="v">vol.156;no.4:(Μήνας)September;(Ημέρα)3;(Έτος)2007</subfield>
   <subfield code="y">23</subfield>
  </datafield>
  <datafield tag="852" ind1=" " ind2=" ">
   <subfield code="a">INST</subfield>
   <subfield code="b">UNIPILB</subfield>
   <subfield code="c">SERIALS</subfield>
   <subfield code="e">20071019</subfield>
   <subfield code="h">Αλφαβητική σειρά</subfield>
   <subfield code="p">57730</subfield>
   <subfield code="q">57730</subfield>
   <subfield code="t">NOLOAN</subfield>
   <subfield code="v">vol.156;no.6:(Μήνας)October;(Ημέρα)1;(Έτος)2007</subfield>
   <subfield code="y">23</subfield>
  </datafield>
  <datafield tag="852" ind1=" " ind2=" ">
   <subfield code="a">INST</subfield>
   <subfield code="b">UNIPILB</subfield>
   <subfield code="c">SERIALS</subfield>
   <subfield code="e">20071120</subfield>
   <subfield code="h">Αλφαβητική σειρά</subfield>
   <subfield code="p">58468</subfield>
   <subfield code="q">58468</subfield>
   <subfield code="t">NOLOAN</subfield>
   <subfield code="v">vol.156;no.9:(Μήνας)November;(Ημέρα)12;(Έτος)2007</subfield>
   <subfield code="y">23</subfield>
  </datafield>
  <datafield tag="852" ind1=" " ind2=" ">
   <subfield code="a">INST</subfield>
   <subfield code="b">UNIPILB</subfield>
   <subfield code="c">SERIALS</subfield>
   <subfield code="e">20071129</subfield>
   <subfield code="h">Αλφαβητική σειρά</subfield>
   <subfield code="p">58639</subfield>
   <subfield code="q">58639</subfield>
   <subfield code="t">NOLOAN</subfield>
   <subfield code="v">vol.156;no.7:(Μήνας)October;(Ημέρα)15;(Έτος)2007</subfield>
   <subfield code="y">23</subfield>
  </datafield>
  <datafield tag="852" ind1=" " ind2=" ">
   <subfield code="a">INST</subfield>
   <subfield code="b">UNIPILB</subfield>
   <subfield code="c">SERIALS</subfield>
   <subfield code="e">20071129</subfield>
   <subfield code="h">Αλφαβητική σειρά</subfield>
   <subfield code="p">58640</subfield>
   <subfield code="q">58640</subfield>
   <subfield code="t">NOLOAN</subfield>
   <subfield code="v">vol.156;no.8:(Μήνας)October;(Ημέρα)29;(Έτος)2007</subfield>
   <subfield code="y">23</subfield>
  </datafield>
  <datafield tag="852" ind1=" " ind2=" ">
   <subfield code="a">INST</subfield>
   <subfield code="b">UNIPILB</subfield>
   <subfield code="c">SERIALS</subfield>
   <subfield code="e">20080108</subfield>
   <subfield code="h">Αλφαβητική σειρά</subfield>
   <subfield code="p">59348</subfield>
   <subfield code="q">59348</subfield>
   <subfield code="t">NOLOAN</subfield>
   <subfield code="v">vol.156;no.10:(Μήνας)November;(Ημέρα)26;(Έτος)2007</subfield>
   <subfield code="y">23</subfield>
  </datafield>
  <datafield tag="852" ind1=" " ind2=" ">
   <subfield code="a">INST</subfield>
   <subfield code="b">UNIPILB</subfield>
   <subfield code="c">SERIALS</subfield>
   <subfield code="e">20080108</subfield>
   <subfield code="h">Αλφαβητική σειρά</subfield>
   <subfield code="p">59349</subfield>
   <subfield code="q">59349</subfield>
   <subfield code="t">NOLOAN</subfield>
   <subfield code="v">vol.156;no.11:(Μήνας)December;(Ημέρα)10;(Έτος)2007</subfield>
   <subfield code="y">23</subfield>
  </datafield>
  <datafield tag="852" ind1=" " ind2=" ">
   <subfield code="a">INST</subfield>
   <subfield code="b">UNIPILB</subfield>
   <subfield code="c">SERIALS</subfield>
   <subfield code="e">20080110</subfield>
   <subfield code="h">Αλφαβητική σειρά</subfield>
   <subfield code="p">59393</subfield>
   <subfield code="q">59393</subfield>
   <subfield code="t">NOLOAN</subfield>
   <subfield code="v">vol.156;no.12:(Μήνας)December;(Ημέρα)24;(Έτος)2007</subfield>
   <subfield code="y">23</subfield>
  </datafield>
  <datafield tag="852" ind1=" " ind2=" ">
   <subfield code="a">INST</subfield>
   <subfield code="b">UNIPILB</subfield>
   <subfield code="c">SERIALS</subfield>
   <subfield code="e">20091102</subfield>
   <subfield code="h">Αλφαβητική σειρά</subfield>
   <subfield code="p">65210</subfield>
   <subfield code="q">65210</subfield>
   <subfield code="t">NOLOAN</subfield>
   <subfield code="v">vol.160;no.6:(Μήνας)September;(Ημέρα)28;(Έτος)2009</subfield>
   <subfield code="y">23</subfield>
  </datafield>
  <datafield tag="852" ind1=" " ind2=" ">
   <subfield code="a">INST</subfield>
   <subfield code="b">UNIPILB</subfield>
   <subfield code="c">SERIALS</subfield>
   <subfield code="e">20110418</subfield>
   <subfield code="h">Αλφαβητική σειρά</subfield>
   <subfield code="p">71636</subfield>
   <subfield code="q">71636</subfield>
   <subfield code="t">NOLOAN</subfield>
   <subfield code="v">vol.158;no.2:(Μήνας)July;(Ημέρα)21;(Έτος)2008</subfield>
   <subfield code="y">23</subfield>
  </datafield>
  <datafield tag="852" ind1=" " ind2=" ">
   <subfield code="a">INST</subfield>
   <subfield code="b">UNIPILB</subfield>
   <subfield code="c">SERIALS</subfield>
   <subfield code="e">20110418</subfield>
   <subfield code="h">Αλφαβητική σειρά</subfield>
   <subfield code="p">71637</subfield>
   <subfield code="q">71637</subfield>
   <subfield code="t">NOLOAN</subfield>
   <subfield code="v">vol.158;no.3:(Μήνας)September;(Ημέρα)1;(Έτος)2008</subfield>
   <subfield code="y">23</subfield>
  </datafield>
  <datafield tag="852" ind1=" " ind2=" ">
   <subfield code="a">INST</subfield>
   <subfield code="b">UNIPILB</subfield>
   <subfield code="c">SERIALS</subfield>
   <subfield code="e">20110418</subfield>
   <subfield code="h">Αλφαβητική σειρά</subfield>
   <subfield code="p">71638</subfield>
   <subfield code="q">71638</subfield>
   <subfield code="t">NOLOAN</subfield>
   <subfield code="v">vol.158;no.4:(Μήνας)September;(Ημέρα)15;(Έτος)2008</subfield>
   <subfield code="y">23</subfield>
  </datafield>
  <datafield tag="852" ind1=" " ind2=" ">
   <subfield code="a">INST</subfield>
   <subfield code="b">UNIPILB</subfield>
   <subfield code="c">SERIALS</subfield>
   <subfield code="e">20110714</subfield>
   <subfield code="h">Αλφαβητική σειρά</subfield>
   <subfield code="p">72262</subfield>
   <subfield code="q">72262</subfield>
   <subfield code="t">NOLOAN</subfield>
   <subfield code="v">vol.164;no.1:(Μήνας)July;(Ημέρα)4;(Έτος)2011</subfield>
   <subfield code="y">23</subfield>
  </datafield>
  <datafield tag="852" ind1=" " ind2=" ">
   <subfield code="a">INST</subfield>
   <subfield code="b">UNIPILB</subfield>
   <subfield code="c">SERIALS</subfield>
   <subfield code="e">20110912</subfield>
   <subfield code="h">Αλφαβητική σειρά</subfield>
   <subfield code="p">72670</subfield>
   <subfield code="q">72670</subfield>
   <subfield code="t">NOLOAN</subfield>
   <subfield code="v">vol.164;no.3:(Μήνας)August;(Ημέρα)15;(Έτος)2011</subfield>
   <subfield code="y">23</subfield>
  </datafield>
  <datafield tag="852" ind1=" " ind2=" ">
   <subfield code="a">INST</subfield>
   <subfield code="b">UNIPILB</subfield>
   <subfield code="c">SERIALS</subfield>
   <subfield code="e">20110912</subfield>
   <subfield code="h">Αλφαβητική σειρά</subfield>
   <subfield code="p">72678</subfield>
   <subfield code="q">72678</subfield>
   <subfield code="t">NOLOAN</subfield>
   <subfield code="v">vol.163;no.4:(Μήνας)March;(Ημέρα)21;(Έτος)2011</subfield>
   <subfield code="y">23</subfield>
  </datafield>
  <datafield tag="852" ind1=" " ind2=" ">
   <subfield code="a">INST</subfield>
   <subfield code="b">UNIPILB</subfield>
   <subfield code="c">SERIALS</subfield>
   <subfield code="e">20110912</subfield>
   <subfield code="h">Αλφαβητική σειρά</subfield>
   <subfield code="p">72679</subfield>
   <subfield code="q">72679</subfield>
   <subfield code="t">NOLOAN</subfield>
   <subfield code="v">vol.163;no.6:(Μήνας)May;(Ημέρα)2;(Έτος)2011</subfield>
   <subfield code="y">23</subfield>
  </datafield>
  <datafield tag="852" ind1=" " ind2=" ">
   <subfield code="a">INST</subfield>
   <subfield code="b">UNIPILB</subfield>
   <subfield code="c">SERIALS</subfield>
   <subfield code="e">20110912</subfield>
   <subfield code="h">Αλφαβητική σειρά</subfield>
   <subfield code="p">72680</subfield>
   <subfield code="q">72680</subfield>
   <subfield code="t">NOLOAN</subfield>
   <subfield code="v">vol.163;no.8:(Μήνας)June;(Ημέρα)13;(Έτος)2011</subfield>
   <subfield code="y">23</subfield>
  </datafield>
  <datafield tag="852" ind1=" " ind2=" ">
   <subfield code="a">INST</subfield>
   <subfield code="b">UNIPILB</subfield>
   <subfield code="c">SERIALS</subfield>
   <subfield code="e">20110912</subfield>
   <subfield code="h">Αλφαβητική σειρά</subfield>
   <subfield code="p">72681</subfield>
   <subfield code="q">72681</subfield>
   <subfield code="t">NOLOAN</subfield>
   <subfield code="v">vol.163;no.7:(Μήνας)May;(Ημέρα)23;(Έτος)2011</subfield>
   <subfield code="y">23</subfield>
  </datafield>
  <datafield tag="852" ind1=" " ind2=" ">
   <subfield code="a">INST</subfield>
   <subfield code="b">UNIPILB</subfield>
   <subfield code="c">SERIALS</subfield>
   <subfield code="e">20110912</subfield>
   <subfield code="h">Αλφαβητική σειρά</subfield>
   <subfield code="p">72682</subfield>
   <subfield code="q">72682</subfield>
   <subfield code="t">NOLOAN</subfield>
   <subfield code="v">vol.163;no.5:(Μήνας)April;(Ημέρα)11;(Έτος)2011</subfield>
   <subfield code="y">23</subfield>
  </datafield>
  <datafield tag="852" ind1=" " ind2=" ">
   <subfield code="a">INST</subfield>
   <subfield code="b">UNIPILB</subfield>
   <subfield code="c">SERIALS</subfield>
   <subfield code="e">20110912</subfield>
   <subfield code="h">Αλφαβητική σειρά</subfield>
   <subfield code="p">72683</subfield>
   <subfield code="q">72683</subfield>
   <subfield code="t">NOLOAN</subfield>
   <subfield code="v">vol.164;no.2:(Μήνας)July;(Ημέρα)25;(Έτος)2011</subfield>
   <subfield code="y">23</subfield>
  </datafield>
  <datafield tag="852" ind1=" " ind2=" ">
   <subfield code="a">INST</subfield>
   <subfield code="b">UNIPILB</subfield>
   <subfield code="c">SERIALS</subfield>
   <subfield code="e">20110929</subfield>
   <subfield code="h">Αλφαβητική σειρά</subfield>
   <subfield code="p">72826</subfield>
   <subfield code="q">72826</subfield>
   <subfield code="t">NOLOAN</subfield>
   <subfield code="v">vol.164;no.4:(Μήνας)September;(Ημέρα)5;(Έτος)2011</subfield>
   <subfield code="y">23</subfield>
  </datafield>
  <datafield tag="852" ind1=" " ind2=" ">
   <subfield code="a">INST</subfield>
   <subfield code="b">UNIPILB</subfield>
   <subfield code="c">SERIALS</subfield>
   <subfield code="e">20110930</subfield>
   <subfield code="h">Αλφαβητική σειρά</subfield>
   <subfield code="p">72841</subfield>
   <subfield code="q">72841</subfield>
   <subfield code="t">NOLOAN</subfield>
   <subfield code="v">vol.164;no.5:(Μήνας)September;(Ημέρα)26;(Έτος)2011</subfield>
   <subfield code="y">23</subfield>
  </datafield>
  <datafield tag="852" ind1=" " ind2=" ">
   <subfield code="a">INST</subfield>
   <subfield code="b">UNIPILB</subfield>
   <subfield code="c">SERIALS</subfield>
   <subfield code="e">20111101</subfield>
   <subfield code="h">Αλφαβητική σειρά</subfield>
   <subfield code="p">73185</subfield>
   <subfield code="q">73185</subfield>
   <subfield code="t">NOLOAN</subfield>
   <subfield code="v">vol.164;no.6:(Μήνας)October;(Ημέρα)17;(Έτος)2011</subfield>
   <subfield code="y">23</subfield>
  </datafield>
  <datafield tag="852" ind1=" " ind2=" ">
   <subfield code="a">INST</subfield>
   <subfield code="b">UNIPILB</subfield>
   <subfield code="c">SERIALS</subfield>
   <subfield code="e">20111128</subfield>
   <subfield code="h">Αλφαβητική σειρά</subfield>
   <subfield code="p">73611</subfield>
   <subfield code="q">73611</subfield>
   <subfield code="t">NOLOAN</subfield>
   <subfield code="v">vol.164;no.8:(Μήνας)November;(Ημέρα)21;(Έτος)2011</subfield>
   <subfield code="y">23</subfield>
  </datafield>
  <datafield tag="852" ind1=" " ind2=" ">
   <subfield code="a">INST</subfield>
   <subfield code="b">UNIPILB</subfield>
   <subfield code="c">SERIALS</subfield>
   <subfield code="e">20111213</subfield>
   <subfield code="h">Αλφαβητική σειρά</subfield>
   <subfield code="p">73848</subfield>
   <subfield code="q">73848</subfield>
   <subfield code="t">NOLOAN</subfield>
   <subfield code="v">vol.164;no.9:(Μήνας)December;(Ημέρα)12;(Έτος)2011</subfield>
   <subfield code="y">23</subfield>
  </datafield>
  <datafield tag="852" ind1=" " ind2=" ">
   <subfield code="a">INST</subfield>
   <subfield code="b">UNIPILB</subfield>
   <subfield code="c">SERIALS</subfield>
   <subfield code="e">20120116</subfield>
   <subfield code="h">Αλφαβητική σειρά</subfield>
   <subfield code="p">73978</subfield>
   <subfield code="q">73978</subfield>
   <subfield code="t">NOLOAN</subfield>
   <subfield code="v">vol.164;no.10:(Μήνας)December;(Ημέρα)26;(Έτος)2011</subfield>
   <subfield code="y">23</subfield>
  </datafield>
  <datafield tag="856" ind1="4" ind2="1">
   <subfield code="u">http://vnweb.hwwilsonweb.com/hww/Journals/getIssues.jhtml?sid=HWW:OMNIFT&amp;issn=0015-8259</subfield>
  </datafield>
  <datafield tag="900" ind1=" " ind2=" ">
   <subfield code="a">Vol. 165 no. 2 (February 13, 2012)</subfield>
   <subfield code="b">Οφειλόμενο</subfield>
   <subfield code="c">25/07/2012</subfield>
  </datafield>
  <datafield tag="900" ind1=" " ind2=" ">
   <subfield code="a">Vol. 147 no. 9 (May 12, 2003)</subfield>
   <subfield code="b">Οφειλόμενο</subfield>
   <subfield code="c">26/01/2005</subfield>
  </datafield>
  <datafield tag="900" ind1=" " ind2=" ">
   <subfield code="a">Vol. 147 no. 10 (May 26, 2003)</subfield>
   <subfield code="b">Οφειλόμενο</subfield>
   <subfield code="c">26/01/2005</subfield>
  </datafield>
  <datafield tag="900" ind1=" " ind2=" ">
   <subfield code="a">Vol. 148 no. 9 (November 10, 2003)</subfield>
   <subfield code="b">Οφειλόμενο</subfield>
   <subfield code="c">26/01/2005</subfield>
  </datafield>
  <datafield tag="900" ind1=" " ind2=" ">
   <subfield code="a">Vol. 148 no. 10 (November 24, 2003)</subfield>
   <subfield code="b">Οφειλόμενο</subfield>
   <subfield code="c">26/01/2005</subfield>
  </datafield>
  <datafield tag="900" ind1=" " ind2=" ">
   <subfield code="a">Vol. 148 no. 11 (December 8, 2003)</subfield>
   <subfield code="b">Οφειλόμενο</subfield>
   <subfield code="c">26/01/2005</subfield>
  </datafield>
  <datafield tag="900" ind1=" " ind2=" ">
   <subfield code="a">Vol. 148 no. 12 (December 22, 2003)</subfield>
   <subfield code="b">Οφειλόμενο</subfield>
   <subfield code="c">26/01/2005</subfield>
  </datafield>
  <datafield tag="900" ind1=" " ind2=" ">
   <subfield code="a">Vol. 149 no. 1 (January 20, 2004)</subfield>
   <subfield code="b">Οφειλόμενο</subfield>
   <subfield code="c">11/01/2006</subfield>
  </datafield>
  <datafield tag="900" ind1=" " ind2=" ">
   <subfield code="a">Vol. 149 no. 2 (February 2, 2004)</subfield>
   <subfield code="b">Οφειλόμενο</subfield>
   <subfield code="c">26/01/2005</subfield>
  </datafield>
  <datafield tag="900" ind1=" " ind2=" ">
   <subfield code="a">Vol. 149 no. 3 (February 16, 2004)</subfield>
   <subfield code="b">Οφειλόμενο</subfield>
   <subfield code="c">26/01/2005</subfield>
  </datafield>
  <datafield tag="900" ind1=" " ind2=" ">
   <subfield code="a">Vol. 149 no. 4 (March 1, 2004)</subfield>
   <subfield code="b">Οφειλόμενο</subfield>
   <subfield code="c">26/01/2005</subfield>
  </datafield>
  <datafield tag="900" ind1=" " ind2=" ">
   <subfield code="a">Vol. 149 no. 5 (March 15, 2004)</subfield>
   <subfield code="b">Οφειλόμενο</subfield>
   <subfield code="c">26/01/2005</subfield>
  </datafield>
  <datafield tag="900" ind1=" " ind2=" ">
   <subfield code="a">Vol. 149 no. 6 (March 29, 2004)</subfield>
   <subfield code="b">Οφειλόμενο</subfield>
   <subfield code="c">26/01/2005</subfield>
  </datafield>
  <datafield tag="900" ind1=" " ind2=" ">
   <subfield code="a">Vol. 149 no. 7 (April 12, 2004)</subfield>
   <subfield code="b">Οφειλόμενο</subfield>
   <subfield code="c">26/01/2005</subfield>
  </datafield>
  <datafield tag="900" ind1=" " ind2=" ">
   <subfield code="a">Vol. 149 no. 8 (April 26, 2004)</subfield>
   <subfield code="b">Οφειλόμενο</subfield>
   <subfield code="c">11/01/2006</subfield>
  </datafield>
  <datafield tag="900" ind1=" " ind2=" ">
   <subfield code="a">Vol. 150 no. 5 (September 20, 2004)</subfield>
   <subfield code="b">Οφειλόμενο</subfield>
   <subfield code="c">02/07/2006</subfield>
  </datafield>
  <datafield tag="900" ind1=" " ind2=" ">
   <subfield code="a">Vol. 157 no. 1 (January 6, 2008)</subfield>
   <subfield code="b">Οφειλόμενο</subfield>
   <subfield code="c">10/04/2008</subfield>
  </datafield>
  <datafield tag="900" ind1=" " ind2=" ">
   <subfield code="a">Vol. 157 no. 2 (February 4, 2008)</subfield>
   <subfield code="b">Οφειλόμενο</subfield>
   <subfield code="c">01/11/2009</subfield>
  </datafield>
  <datafield tag="900" ind1=" " ind2=" ">
   <subfield code="a">Vol. 157 no. 3 (February 18, 2008)</subfield>
   <subfield code="b">Οφειλόμενο</subfield>
   <subfield code="c">01/11/2009</subfield>
  </datafield>
  <datafield tag="900" ind1=" " ind2=" ">
   <subfield code="a">Vol. 157 no. 4 (March 3, 2008)</subfield>
   <subfield code="b">Οφειλόμενο</subfield>
   <subfield code="c">01/11/2009</subfield>
  </datafield>
  <datafield tag="900" ind1=" " ind2=" ">
   <subfield code="a">Vol. 157 no. 5 (March 17, 2008)</subfield>
   <subfield code="b">Οφειλόμενο</subfield>
   <subfield code="c">01/11/2009</subfield>
  </datafield>
  <datafield tag="900" ind1=" " ind2=" ">
   <subfield code="a">Vol. 157 no. 6 (March 31, 2008)</subfield>
   <subfield code="b">Οφειλόμενο</subfield>
   <subfield code="c">01/11/2009</subfield>
  </datafield>
  <datafield tag="900" ind1=" " ind2=" ">
   <subfield code="a">Vol. 157 no. 7 (April 14, 2008)</subfield>
   <subfield code="b">Οφειλόμενο</subfield>
   <subfield code="c">01/11/2009</subfield>
  </datafield>
  <datafield tag="900" ind1=" " ind2=" ">
   <subfield code="a">Vol. 157 no. 8 (April 28, 2008)</subfield>
   <subfield code="b">Οφειλόμενο</subfield>
   <subfield code="c">01/11/2009</subfield>
  </datafield>
  <datafield tag="900" ind1=" " ind2=" ">
   <subfield code="a">Vol. 157 no. 9 (May 12, 2008)</subfield>
   <subfield code="b">Οφειλόμενο</subfield>
   <subfield code="c">01/11/2009</subfield>
  </datafield>
  <datafield tag="900" ind1=" " ind2=" ">
   <subfield code="a">Vol. 157 no. 10 (May 26, 2008)</subfield>
   <subfield code="b">Οφειλόμενο</subfield>
   <subfield code="c">01/11/2009</subfield>
  </datafield>
  <datafield tag="900" ind1=" " ind2=" ">
   <subfield code="a">Vol. 157 no. 11 (June 9, 2008)</subfield>
   <subfield code="b">Οφειλόμενο</subfield>
   <subfield code="c">01/11/2009</subfield>
  </datafield>
  <datafield tag="900" ind1=" " ind2=" ">
   <subfield code="a">Vol. 157 no. 12 (June 23, 2008)</subfield>
   <subfield code="b">Οφειλόμενο</subfield>
   <subfield code="c">01/11/2009</subfield>
  </datafield>
  <datafield tag="900" ind1=" " ind2=" ">
   <subfield code="a">Vol. 158 no. 1 (July 7, 2008)</subfield>
   <subfield code="b">Οφειλόμενο</subfield>
   <subfield code="c">01/11/2009</subfield>
  </datafield>
  <datafield tag="900" ind1=" " ind2=" ">
   <subfield code="a">Vol. 158 no. 3 (August 6, 2008)</subfield>
   <subfield code="b">Οφειλόμενο</subfield>
   <subfield code="c">01/11/2009</subfield>
  </datafield>
  <datafield tag="900" ind1=" " ind2=" ">
   <subfield code="a">Vol. 158 no. 6 (September 29, 2008)</subfield>
   <subfield code="b">Οφειλόμενο</subfield>
   <subfield code="c">01/11/2009</subfield>
  </datafield>
  <datafield tag="900" ind1=" " ind2=" ">
   <subfield code="a">Vol. 158 no. 7 (October 13, 2008)</subfield>
   <subfield code="b">Οφειλόμενο</subfield>
   <subfield code="c">01/11/2009</subfield>
  </datafield>
  <datafield tag="900" ind1=" " ind2=" ">
   <subfield code="a">Vol. 158 no. 8 (October 27, 2008)</subfield>
   <subfield code="b">Οφειλόμενο</subfield>
   <subfield code="c">01/11/2009</subfield>
  </datafield>
  <datafield tag="900" ind1=" " ind2=" ">
   <subfield code="a">Vol. 158 no. 9 (November 10, 2008)</subfield>
   <subfield code="b">Οφειλόμενο</subfield>
   <subfield code="c">01/11/2009</subfield>
  </datafield>
  <datafield tag="900" ind1=" " ind2=" ">
   <subfield code="a">Vol. 158 no. 10 (November 24, 2008)</subfield>
   <subfield code="b">Οφειλόμενο</subfield>
   <subfield code="c">01/11/2009</subfield>
  </datafield>
  <datafield tag="900" ind1=" " ind2=" ">
   <subfield code="a">Vol. 158 no. 11 (December 8, 2008)</subfield>
   <subfield code="b">Οφειλόμενο</subfield>
   <subfield code="c">01/11/2009</subfield>
  </datafield>
  <datafield tag="900" ind1=" " ind2=" ">
   <subfield code="a">Vol. 158 no. 12 (December 22, 2008)</subfield>
   <subfield code="b">Οφειλόμενο</subfield>
   <subfield code="c">01/11/2009</subfield>
  </datafield>
  <datafield tag="900" ind1=" " ind2=" ">
   <subfield code="a">Vol. 159 no. 1 (January 6, 2009)</subfield>
   <subfield code="b">Οφειλόμενο</subfield>
   <subfield code="c">01/11/2009</subfield>
  </datafield>
  <datafield tag="900" ind1=" " ind2=" ">
   <subfield code="a">Vol. 159 no. 2 (February 2, 2009)</subfield>
   <subfield code="b">Οφειλόμενο</subfield>
   <subfield code="c">01/11/2009</subfield>
  </datafield>
  <datafield tag="900" ind1=" " ind2=" ">
   <subfield code="a">Vol. 159 no. 3 (February 16, 2009)</subfield>
   <subfield code="b">Οφειλόμενο</subfield>
   <subfield code="c">01/11/2009</subfield>
  </datafield>
  <datafield tag="900" ind1=" " ind2=" ">
   <subfield code="a">Vol. 159 no. 4 (March 2, 2009)</subfield>
   <subfield code="b">Οφειλόμενο</subfield>
   <subfield code="c">01/11/2009</subfield>
  </datafield>
  <datafield tag="900" ind1=" " ind2=" ">
   <subfield code="a">Vol. 159 no. 5 (March 16, 2009)</subfield>
   <subfield code="b">Οφειλόμενο</subfield>
   <subfield code="c">01/11/2009</subfield>
  </datafield>
  <datafield tag="900" ind1=" " ind2=" ">
   <subfield code="a">Vol. 159 no. 6 (March 30, 2009)</subfield>
   <subfield code="b">Οφειλόμενο</subfield>
   <subfield code="c">01/11/2009</subfield>
  </datafield>
  <datafield tag="900" ind1=" " ind2=" ">
   <subfield code="a">Vol. 159 no. 7 (April 13, 2009)</subfield>
   <subfield code="b">Οφειλόμενο</subfield>
   <subfield code="c">01/11/2009</subfield>
  </datafield>
  <datafield tag="900" ind1=" " ind2=" ">
   <subfield code="a">Vol. 159 no. 8 (April 27, 2009)</subfield>
   <subfield code="b">Οφειλόμενο</subfield>
   <subfield code="c">01/11/2009</subfield>
  </datafield>
  <datafield tag="900" ind1=" " ind2=" ">
   <subfield code="a">Vol. 159 no. 9 (May 11, 2009)</subfield>
   <subfield code="b">Οφειλόμενο</subfield>
   <subfield code="c">01/11/2009</subfield>
  </datafield>
  <datafield tag="900" ind1=" " ind2=" ">
   <subfield code="a">Vol. 159 no. 10 (May 25, 2009)</subfield>
   <subfield code="b">Οφειλόμενο</subfield>
   <subfield code="c">01/11/2009</subfield>
  </datafield>
  <datafield tag="900" ind1=" " ind2=" ">
   <subfield code="a">Vol. 159 no. 11 (June 8, 2009)</subfield>
   <subfield code="b">Οφειλόμενο</subfield>
   <subfield code="c">01/11/2009</subfield>
  </datafield>
  <datafield tag="900" ind1=" " ind2=" ">
   <subfield code="a">Vol. 159 no. 12 (June 22, 2009)</subfield>
   <subfield code="b">Οφειλόμενο</subfield>
   <subfield code="c">01/11/2009</subfield>
  </datafield>
  <datafield tag="900" ind1=" " ind2=" ">
   <subfield code="a">Vol. 160 no. 1 (July 6, 2009)</subfield>
   <subfield code="b">Οφειλόμενο</subfield>
   <subfield code="c">01/11/2009</subfield>
  </datafield>
  <datafield tag="900" ind1=" " ind2=" ">
   <subfield code="a">Vol. 160 no. 2 (July 20, 2009)</subfield>
   <subfield code="b">Οφειλόμενο</subfield>
   <subfield code="c">01/11/2009</subfield>
  </datafield>
  <datafield tag="900" ind1=" " ind2=" ">
   <subfield code="a">Vol. 160 no. 3 (August 6, 2009)</subfield>
   <subfield code="b">Οφειλόμενο</subfield>
   <subfield code="c">09/11/2009</subfield>
  </datafield>
  <datafield tag="900" ind1=" " ind2=" ">
   <subfield code="a">Vol. 160 no. 4 (September 14, 2009)</subfield>
   <subfield code="b">Οφειλόμενο</subfield>
   <subfield code="c">24/11/2009</subfield>
  </datafield>
  <datafield tag="900" ind1=" " ind2=" ">
   <subfield code="a">Vol. 160 no. 7 (October 12, 2009)</subfield>
   <subfield code="b">Οφειλόμενο</subfield>
   <subfield code="c">23/12/2009</subfield>
  </datafield>
  <datafield tag="900" ind1=" " ind2=" ">
   <subfield code="a">Vol. 160 no. 8 (October 26, 2009)</subfield>
   <subfield code="b">Οφειλόμενο</subfield>
   <subfield code="c">13/07/2011</subfield>
  </datafield>
  <datafield tag="900" ind1=" " ind2=" ">
   <subfield code="a">Vol. 160 no. 9 (November 9, 2009)</subfield>
   <subfield code="b">Οφειλόμενο</subfield>
   <subfield code="c">13/07/2011</subfield>
  </datafield>
  <datafield tag="900" ind1=" " ind2=" ">
   <subfield code="a">Vol. 160 no. 10 (November 23, 2009)</subfield>
   <subfield code="b">Οφειλόμενο</subfield>
   <subfield code="c">13/07/2011</subfield>
  </datafield>
  <datafield tag="900" ind1=" " ind2=" ">
   <subfield code="a">Vol. 160 no. 11 (December 7, 2009)</subfield>
   <subfield code="b">Οφειλόμενο</subfield>
   <subfield code="c">13/07/2011</subfield>
  </datafield>
  <datafield tag="900" ind1=" " ind2=" ">
   <subfield code="a">Vol. 160 no. 12 (December 21, 2009)</subfield>
   <subfield code="b">Οφειλόμενο</subfield>
   <subfield code="c">13/07/2011</subfield>
  </datafield>
  <datafield tag="900" ind1=" " ind2=" ">
   <subfield code="a">Vol. 161 no. 1 (January 6, 2010)</subfield>
   <subfield code="b">Οφειλόμενο</subfield>
   <subfield code="c">13/07/2011</subfield>
  </datafield>
  <datafield tag="900" ind1=" " ind2=" ">
   <subfield code="a">Vol. 161 no. 2 (February 1, 2010)</subfield>
   <subfield code="b">Οφειλόμενο</subfield>
   <subfield code="c">13/07/2011</subfield>
  </datafield>
  <datafield tag="900" ind1=" " ind2=" ">
   <subfield code="a">Vol. 161 no. 3 (February 15, 2010)</subfield>
   <subfield code="b">Οφειλόμενο</subfield>
   <subfield code="c">13/07/2011</subfield>
  </datafield>
  <datafield tag="900" ind1=" " ind2=" ">
   <subfield code="a">Vol. 161 no. 4 (March 1, 2010)</subfield>
   <subfield code="b">Οφειλόμενο</subfield>
   <subfield code="c">13/07/2011</subfield>
  </datafield>
  <datafield tag="900" ind1=" " ind2=" ">
   <subfield code="a">Vol. 161 no. 5 (March 15, 2010)</subfield>
   <subfield code="b">Οφειλόμενο</subfield>
   <subfield code="c">13/07/2011</subfield>
  </datafield>
  <datafield tag="900" ind1=" " ind2=" ">
   <subfield code="a">Vol. 161 no. 6 (March 29, 2010)</subfield>
   <subfield code="b">Οφειλόμενο</subfield>
   <subfield code="c">13/07/2011</subfield>
  </datafield>
  <datafield tag="900" ind1=" " ind2=" ">
   <subfield code="a">Vol. 161 no. 7 (April 12, 2010)</subfield>
   <subfield code="b">Οφειλόμενο</subfield>
   <subfield code="c">13/07/2011</subfield>
  </datafield>
  <datafield tag="900" ind1=" " ind2=" ">
   <subfield code="a">Vol. 161 no. 8 (April 26, 2010)</subfield>
   <subfield code="b">Οφειλόμενο</subfield>
   <subfield code="c">13/07/2011</subfield>
  </datafield>
  <datafield tag="900" ind1=" " ind2=" ">
   <subfield code="a">Vol. 161 no. 9 (May 10, 2010)</subfield>
   <subfield code="b">Οφειλόμενο</subfield>
   <subfield code="c">13/07/2011</subfield>
  </datafield>
  <datafield tag="900" ind1=" " ind2=" ">
   <subfield code="a">Vol. 161 no. 10 (May 24, 2010)</subfield>
   <subfield code="b">Οφειλόμενο</subfield>
   <subfield code="c">13/07/2011</subfield>
  </datafield>
  <datafield tag="900" ind1=" " ind2=" ">
   <subfield code="a">Vol. 161 no. 11 (June 7, 2010)</subfield>
   <subfield code="b">Οφειλόμενο</subfield>
   <subfield code="c">13/07/2011</subfield>
  </datafield>
  <datafield tag="900" ind1=" " ind2=" ">
   <subfield code="a">Vol. 161 no. 12 (June 21, 2010)</subfield>
   <subfield code="b">Οφειλόμενο</subfield>
   <subfield code="c">13/07/2011</subfield>
  </datafield>
  <datafield tag="900" ind1=" " ind2=" ">
   <subfield code="a">Vol. 162 no. 1 (July 5, 2010)</subfield>
   <subfield code="b">Οφειλόμενο</subfield>
   <subfield code="c">13/07/2011</subfield>
  </datafield>
  <datafield tag="900" ind1=" " ind2=" ">
   <subfield code="a">Vol. 162 no. 2 (July 19, 2010)</subfield>
   <subfield code="b">Οφειλόμενο</subfield>
   <subfield code="c">13/07/2011</subfield>
  </datafield>
  <datafield tag="900" ind1=" " ind2=" ">
   <subfield code="a">Vol. 162 no. 3 (August 6, 2010)</subfield>
   <subfield code="b">Οφειλόμενο</subfield>
   <subfield code="c">13/07/2011</subfield>
  </datafield>
  <datafield tag="900" ind1=" " ind2=" ">
   <subfield code="a">Vol. 162 no. 4 (September 13, 2010)</subfield>
   <subfield code="b">Οφειλόμενο</subfield>
   <subfield code="c">13/07/2011</subfield>
  </datafield>
  <datafield tag="900" ind1=" " ind2=" ">
   <subfield code="a">Vol. 162 no. 5 (September 27, 2010)</subfield>
   <subfield code="b">Οφειλόμενο</subfield>
   <subfield code="c">13/07/2011</subfield>
  </datafield>
  <datafield tag="900" ind1=" " ind2=" ">
   <subfield code="a">Vol. 162 no. 6 (October 11, 2010)</subfield>
   <subfield code="b">Οφειλόμενο</subfield>
   <subfield code="c">13/07/2011</subfield>
  </datafield>
  <datafield tag="900" ind1=" " ind2=" ">
   <subfield code="a">Vol. 162 no. 7 (October 25, 2010)</subfield>
   <subfield code="b">Οφειλόμενο</subfield>
   <subfield code="c">13/07/2011</subfield>
  </datafield>
  <datafield tag="900" ind1=" " ind2=" ">
   <subfield code="a">Vol. 162 no. 8 (November 8, 2010)</subfield>
   <subfield code="b">Οφειλόμενο</subfield>
   <subfield code="c">13/07/2011</subfield>
  </datafield>
  <datafield tag="900" ind1=" " ind2=" ">
   <subfield code="a">Vol. 162 no. 9 (November 22, 2010)</subfield>
   <subfield code="b">Οφειλόμενο</subfield>
   <subfield code="c">13/07/2011</subfield>
  </datafield>
  <datafield tag="900" ind1=" " ind2=" ">
   <subfield code="a">Vol. 162 no. 10 (December 6, 2010)</subfield>
   <subfield code="b">Οφειλόμενο</subfield>
   <subfield code="c">13/07/2011</subfield>
  </datafield>
  <datafield tag="900" ind1=" " ind2=" ">
   <subfield code="a">Vol. 162 no. 11 (December 20, 2010)</subfield>
   <subfield code="b">Οφειλόμενο</subfield>
   <subfield code="c">13/07/2011</subfield>
  </datafield>
  <datafield tag="900" ind1=" " ind2=" ">
   <subfield code="a">Vol. 163 no. 1 (January 6, 2011)</subfield>
   <subfield code="b">Οφειλόμενο</subfield>
   <subfield code="c">13/07/2011</subfield>
  </datafield>
  <datafield tag="900" ind1=" " ind2=" ">
   <subfield code="a">Vol. 163 no. 2 (February 14, 2011)</subfield>
   <subfield code="b">Οφειλόμενο</subfield>
   <subfield code="c">28/08/2011</subfield>
  </datafield>
  <datafield tag="900" ind1=" " ind2=" ">
   <subfield code="a">Vol. 163 no. 3 (February 28, 2011)</subfield>
   <subfield code="b">Οφειλόμενο</subfield>
   <subfield code="c">22/09/2011</subfield>
  </datafield>
  <datafield tag="900" ind1=" " ind2=" ">
   <subfield code="a">Vol. 163 no. 5 (March 28, 2011)</subfield>
   <subfield code="b">Οφειλόμενο</subfield>
   <subfield code="c">09/10/2011</subfield>
  </datafield>
  <datafield tag="900" ind1=" " ind2=" ">
   <subfield code="a">Vol. 163 no. 7 (April 25, 2011)</subfield>
   <subfield code="b">Οφειλόμενο</subfield>
   <subfield code="c">01/12/2011</subfield>
  </datafield>
  <datafield tag="900" ind1=" " ind2=" ">
   <subfield code="a">Vol. 163 no. 10 (June 6, 2011)</subfield>
   <subfield code="b">Οφειλόμενο</subfield>
   <subfield code="c">13/01/2012</subfield>
  </datafield>
  <datafield tag="900" ind1=" " ind2=" ">
   <subfield code="a">Vol. 164 no. 7 (October 24, 2011)</subfield>
   <subfield code="b">Οφειλόμενο</subfield>
   <subfield code="c">01/04/2012</subfield>
  </datafield>
  <datafield tag="900" ind1=" " ind2=" ">
   <subfield code="a">Vol. 164 no. 8 (November 7, 2011)</subfield>
   <subfield code="b">Οφειλόμενο</subfield>
   <subfield code="c">11/05/2012</subfield>
  </datafield>
  <datafield tag="900" ind1=" " ind2=" ">
   <subfield code="a">Vol. 165 no. 1 (January 15, 2012)</subfield>
   <subfield code="b">Οφειλόμενο</subfield>
   <subfield code="c">11/05/2012</subfield>
  </datafield>
  <datafield tag="950" ind1=" " ind2=" ">
   <subfield code="a">20/01/2003</subfield>
   <subfield code="c">SWETS INFORMATION SERVICES</subfield>
   <subfield code="d">153</subfield>
  </datafield>
  <datafield tag="951" ind1=" " ind2=" ">
   <subfield code="a">Vol. 164 no. 8 (November 21, 2011) - Vol. 164 no. 10 (December 26, 2011)</subfield>
   <subfield code="b">Main run</subfield>
  </datafield>
  <datafield tag="951" ind1=" " ind2=" ">
   <subfield code="a">Vol. 147 no. 1 (January 20, 2003) - Vol. 147 no. 8 (April 28, 2003)</subfield>
   <subfield code="b">Main run</subfield>
  </datafield>
  <datafield tag="951" ind1=" " ind2=" ">
   <subfield code="a">Vol. 147 no. 11 (June 9, 2003) - Vol. 147 no. 12 (June 23, 2003)</subfield>
   <subfield code="b">Main run</subfield>
  </datafield>
  <datafield tag="951" ind1=" " ind2=" ">
   <subfield code="a">Vol. 148 no. 1 (July 7, 2003) - Vol. 148 no. 8 (October 27, 2003)</subfield>
   <subfield code="b">Main run</subfield>
  </datafield>
  <datafield tag="951" ind1=" " ind2=" ">
   <subfield code="a">Vol. 149 no. 7 (May 10, 2004) - Vol. 149 no. 11 (June 28, 2004)</subfield>
   <subfield code="b">Main run</subfield>
  </datafield>
  <datafield tag="951" ind1=" " ind2=" ">
   <subfield code="a">Vol. 150 no. 1 (July 12, 2004) - Vol. 150 no. 4 (September 6, 2004)</subfield>
   <subfield code="b">Main run</subfield>
  </datafield>
  <datafield tag="951" ind1=" " ind2=" ">
   <subfield code="a">Vol. 150 no. 6 (October 4, 2004) - Vol. 154 no. 12 (December 25, 2006)</subfield>
   <subfield code="b">Main run</subfield>
  </datafield>
  <datafield tag="951" ind1=" " ind2=" ">
   <subfield code="a">Vol. 155 no. 1 (January 22, 2007) - Vol. 155 no. 11 (June 25, 2007)</subfield>
   <subfield code="b">Main run</subfield>
  </datafield>
  <datafield tag="951" ind1=" " ind2=" ">
   <subfield code="a">Vol. 156 no. 1 (July 9, 2007) - Vol. 156 no. 12 (December 24, 2007)</subfield>
   <subfield code="b">Main run</subfield>
  </datafield>
  <datafield tag="951" ind1=" " ind2=" ">
   <subfield code="a">Vol. 158 no. 2 (July 21, 2008)</subfield>
   <subfield code="b">Main run</subfield>
  </datafield>
  <datafield tag="951" ind1=" " ind2=" ">
   <subfield code="a">Vol. 158 no. 3 (September 1, 2008) - Vol. 158 no. 4 (September 15, 2008)</subfield>
   <subfield code="b">Main run</subfield>
  </datafield>
  <datafield tag="951" ind1=" " ind2=" ">
   <subfield code="a">Vol. 160 no. 6 (September 28, 2009)</subfield>
   <subfield code="b">Main run</subfield>
  </datafield>
  <datafield tag="951" ind1=" " ind2=" ">
   <subfield code="a">Vol. 163 no. 4 (March 21, 2011)</subfield>
   <subfield code="b">Main run</subfield>
  </datafield>
  <datafield tag="951" ind1=" " ind2=" ">
   <subfield code="a">Vol. 163 no. 5 (April 11, 2011)</subfield>
   <subfield code="b">Main run</subfield>
  </datafield>
  <datafield tag="951" ind1=" " ind2=" ">
   <subfield code="a">Vol. 163 no. 6 (May 2, 2011) - Vol. 163 no. 7 (May 23, 2011)</subfield>
   <subfield code="b">Main run</subfield>
  </datafield>
  <datafield tag="951" ind1=" " ind2=" ">
   <subfield code="a">Vol. 163 no. 8 (June 13, 2011)</subfield>
   <subfield code="b">Main run</subfield>
  </datafield>
  <datafield tag="951" ind1=" " ind2=" ">
   <subfield code="a">Vol. 164 no. 1 (July 4, 2011) - Vol. 164 no. 6 (October 17, 2011)</subfield>
   <subfield code="b">Main run</subfield>
  </datafield>
 </record>
</collection>
